Wszyscy Polacy z WCA ID - Statystyki

Ogólne statystyki
  • Ten quiz został rozwiązany 109 razy
  • Średni wynik to 67 z 5734
Statystyki odpowiedzi
Speedcuber % Poprawnych
Tymon Kolasiński
66%
Adam Polkowski
61%
Teodor Zajder
54%
Karol Zakrzewski
50%
Krzysztof Bober
49%
Magdalena Pabisz
47%
Stefan Zajder
43%
Ada Zajder
41%
Przemysław Rogalski
41%
Grzegorz Pacewicz
40%
Łukasz Dubicki
40%
Amelia Zakrzewska
39%
Jan Zych
39%
Michał Halczuk
39%
Olaf Kuźmiński
38%
Łukasz Burliga
37%
Oliwier Szubert
37%
Radosław Marcinek
37%
Antoni Stojek
36%
Maksymilian Kulas
36%
Tomasz Szubert
36%
Oskar Hanuszkiewicz
35%
Piotr Olszewski
35%
Piotr Tokarski
35%
Bartłomiej Owczarek
34%
Radosław Drozdowicz
33%
Adrian Dębski
32%
Michał Krasowski
32%
Michał Rzewuski
32%
Adam Chodyniecki
30%
Kamil Przybylski
30%
Hubert Hanusiak
29%
Jakub Hamkało
29%
Maciej Spirydowicz
29%
Michał Bogdan
29%
Patryk Milewczyk
29%
Eryk Kasperek
28%
Grzegorz Łuczyna
28%
Ignacy Malinowski
28%
Kacper Paweł Dworak
28%
Kajetan Opach
28%
Michał Pleskowicz
28%
Radomił Baran
28%
Rafał Waryszak
28%
Hubert Firek
27%
Klaudia Milewczyk
27%
Przemysław Malinowski
27%
Dawid Wójcik
26%
Dominika Warchoł
26%
Jakub Hibszer
26%
Jonatan Kłosko
26%
Maciej Czapiewski
26%
Mateusz Szwugier
26%
Stanisław Szyszka
26%
Szymon Brzana
26%
Wojciech Rogoziński
26%
Ignacy Samselski
25%
Maksymilian Gala
25%
Maksymilian Misiak
25%
Mateusz Zajder
25%
Tomasz Pietruszka
25%
Tomasz Stawowy
25%
Adam Śmigaj
24%
Cyprian Kalbarczyk
24%
Jakub Kipa
24%
Majk Tomas
24%
Maksymilian Majcher
24%
Marcin Kowalczyk
24%
Oliwier Tkaczyk
24%
Wiktoria Waryszak
24%
Adam Kędziorski
23%
Gabriel Rejdych
23%
Maciej Skowroński
23%
Marta Sandra Duraj
23%
Paweł Duraj
23%
Przemysław Kaleta
23%
Szymon Malinowski
23%
Wojciech Knott
23%
Wojciech Szatanowski
23%
Zbigniew Zborowski
23%
Adam Zakrzewski
22%
Arkadiusz Abramowski
22%
Arkadiusz Żynel
22%
Igor Ośmiałowski
21%
Kalina Jakubowska
21%
Paweł Urbański
21%
Szymon Grodzki
21%
Szymon Musiał
21%
Dominik Górny
20%
Joanna Hołdakowska
20%
Kacper Rafalski
20%
Cezary Mach
18%
Radosław Opoka
18%
Sebastian Nowicki
18%
Sylwester Jaroszewski
18%
Szymon Ciepiela
18%
Tymon Sozański
18%
Bartosz Karpiński
17%
Franciszek Fidos
17%
Kajetan Kwiatkowski
17%
Karol Piskorek
17%
Marcin Zalewski
17%
Michał Sozański
17%
Mikołaj Tyra
17%
Piotr Kogut
17%
Robert Cegiel
17%
Szymon Jeziorski
17%
Tomasz Cepil
17%
Adam Gottscholl
16%
Anonymous
16%
Arkadiusz Dubicki
16%
Cyprian Doza
16%
Ernest Zakrzewski
16%
Filip Śliwa
16%
Grzegorz Jałocha
16%
Joanna Dubicka
16%
Michał Denkiewicz
16%
Piotr Kózka
16%
Piotr Trząski
16%
Tomasz Żołnowski
16%
Anna Łebkowska
15%
Bartosz Łebkowski
15%
Filip Brokos
15%
Grzegorz Makuch
15%
Szymon Zastawny
15%
Adam Łyskawa
14%
Adrian Permus
14%
Anna Kogut
14%
Bartłomiej Krokos
14%
Dominik Unijewski
14%
Filip Rudnicki
14%
Ignacy Wesołowski
14%
Jakub Majchrzak
14%
Konrad Matyszek
14%
Krystian Załuski
14%
Marcel Politowicz
14%
Marcin Jakubowski
14%
Marta Radziwanowska
14%
Piotr Brokos
14%
Piotr Melczewski
14%
Radosław Michałek
14%
Witali Bułatow
14%
Adam Jagła
13%
Alicja Skowrońska
13%
Igor Łabędź
13%
Janusz Łebkowski
13%
Jan Woźniak
13%
Maksymilian Jedynak
13%
Mikołaj Morawski
13%
Oliwia Jaworska
13%
Sebastian Kowalewski
13%
Witold Sołtysik
13%
Witold Wesołowski
13%
Adam Romanowski
12%
Aleksander Sołonczak
12%
Aleksandra Stojek
12%
Cezary Rokita
12%
Dominik Żabiński
12%
Hubert Seelieb
12%
Jakub Turczyk
12%
Jakub Tyl
12%
Joanna Kierznikiewicz
12%
Konrad Leśniak
12%
Krzysztof Kuncki
12%
Marcin Stachura
12%
Martyna Jarosz
12%
Mateusz Kanarski
12%
Mateusz Szulik
12%
Mikołaj Salamon
12%
Owidiusz Pryk
12%
Patryk Szewczyk
12%
Robert Ślesicki
12%
Zuzanna Kozicka
12%
Adam Brzana
11%
Aleksander Arefiew
11%
Aleksandra Tatoń
11%
Bart Sekulski
11%
Franciszek Ryba
11%
Jakub Lorens
11%
Kacper Kozak
11%
Kamil Michalak
11%
Maciej Hebel
11%
Maciej Jabłoński
11%
Maks Noska
11%
Marcin Chmielewski
11%
Mateusz Cichoracki
11%
Radosław Rogoziński
11%
Sebastian Kierznikiewicz
11%
Tomasz Waryszak
11%
Wiktor Gugulski
11%
Antoni Firlej
10%
Aron Kasprowicz
10%
Artur Kristof
10%
Bruno Fromm
10%
Daniel Jamrużka
10%
Igor Kowalczyk
10%
Kacper Dworak
10%
Kacper Górecki
10%
Karolina Wiącek
10%
Karol Kantor
10%
Klaudia Ciuk
10%
Maja Turczyk
10%
Mikołaj Seelieb
10%
Piotr Michał Padlewski
10%
Przemysław Kanarski
10%
Przemysław Kruczek
10%
Radosław Ciuk
10%
Ryszard Kędziora
10%
Stanisław Dąbrowski
10%
Stefan Pokrycki
10%
Szymon Myśliński
10%
Antoni Szcześniak
9%
Dominik Kobinski
9%
Dominik Podolak
9%
Ernest Seroczyński
9%
Grzegorz Szumigaj
9%
Igor Gładysz
9%
Jakub Łebkowski
9%
Jakub Tkaczyk
9%
Jakub Wolniewicz
9%
Jan Jędrzej Kasprzak
9%
Julia Dąbrowska
9%
Maciej Rodziewicz
9%
Maksymilian Piskorowski
9%
Marcin Wawiórko
9%
Mateusz Staniszewski
9%
Michał Kopeć
9%
Michał Mlostek
9%
Sebastian Nitka
9%
Stanisław Ożyński
9%
Tobiasz Urbanowicz
9%
Tomasz Larysz
9%
Tymon Kochanowski
9%
Zuzanna Bogusz
9%
Adam Joks
8%
Adrian Rodziewicz
8%
Aleksy Stojek
8%
Antonina Polkowska
8%
Edyta Kopeć
8%
Filip Miazek
8%
Hubert Badocha
8%
Hubert Kwasigroch
8%
Jakub Dolata
8%
Jakub Hanuszkiewicz
8%
Julia Jabłońska
8%
Kalina Brzezińska
8%
Kinga Bednarska
8%
Krzysztof Bloch
8%
Maksymilian Sordyl
8%
Marcel Nycz
8%
Marta Chwarścianek
8%
Michał Wac
8%
Michał Wachowiak
8%
Mikołaj Świątek
8%
Patrycja Michalska
8%
Piotr Rejdych
8%
Piotr Skowroński
8%
Robert Siniawski
8%
Szymon Brągiel
8%
Szymon Jaworski
8%
Tonia Kowalczyk
8%
Wojciech Barciaga
8%
Alan Żeromski
7%
Daniel Śliwa
7%
Dominika Legawiec
7%
Filip Błaszkowicz
7%
Filip Kopeć
7%
Gabriel Marczak
7%
Grzegorz Łagodzin
7%
Hubert Darłak
7%
Jakub Bojanowski
7%
Jan Łagodzin
7%
Jarosław Chodyniecki
7%
Karolina Put
7%
Karolina Zatorska
7%
Krystian Fiołek
7%
Łukasz Owczarek
7%
Manuela Pilch
7%
Marek Pepke
7%
Marta Szcześniak
7%
Mateusz Fydrych
7%
Mateusz Otto
7%
Mateusz Wasil
7%
Michał Kowalski
7%
Monika Jamińska
7%
Nikodem Buda
7%
Olaf Rozkoszny
7%
Radosław Smędzik
7%
Tomasz Jarosz
7%
Wiktoria Krzebietke
7%
Adam Janiszewski
5%
Adam Juszczyński
5%
Adam Roik
5%
Aleksandra Bury
5%
Andrzej Turczyk
5%
Anna Bzdęga
5%
Antoni Ługom
5%
Antoni Rumowski
5%
Artur Giża
5%
Bartosz Dąbrowski
5%
Bartosz Kobyliński
5%
Bartosz Sawczuk
5%
Błażej Morgała
5%
Dominika Pabisz
5%
Dominik Kądziołka
5%
Idan Bolesto
5%
Ignacy Brokos
5%
Ignacy Buczek
5%
Igor Jankowski
5%
Jakub Grzyb
5%
Jakub Grzybowski
5%
Jakub Kubiak
5%
Jan Zoń
5%
Jarosław Kogut
5%
Kamil Lewandowski
5%
Krzysztof Boguszewski
5%
Krzysztof Grabowski
5%
Ksawery Balcer
5%
Lilianna Polkowska
5%
Maciej Ciuk
5%
Maciej Kozar
5%
Marcin Mroskowiak
5%
Marek Dąbrowski
5%
Marek Padlewski
5%
Mateusz Kotwica
5%
Mateusz Śliż
5%
Michał Marszałek
5%
Oliwier Rozkoszny
5%
Oskar Matysik
5%
Oskar Rozkoszny
5%
Piotr Gabara
5%
Sebastian Fornal
5%
Stefan Łapicki
5%
Tobiasz Gładysz
5%
Tomasz Kiedrowicz
5%
Wiktoria Zborowska
5%
Wiktor Smędzik
5%
Wojciech Piórczyński
5%
Adam Rzewuski
4%
Adrian Walkowiak
4%
Antoni Łebkowski
4%
Antoni Ożyński
4%
Antoni Polityło
4%
Bartłomiej Górny
4%
Bartłomiej Maślanka
4%
Bartosz Owczarek
4%
Cezary Chełkowski
4%
Dominik Szajek
4%
Grzegorz Chudzik
4%
Henryk Gabor
4%
Jakub Bartos
4%
Jan Bulczak
4%
Jerzy Chmiel
4%
Kamil Pawlak
4%
Karol Dworak
4%
Kazimierz Cywiński
4%
Krzysztof Żerucha
4%
Łukasz Ciałoń
4%
Maciej Pabisz
4%
Maksymilian Sysak
4%
Marcel Grüner
4%
Marcin Bloch
4%
Marcin Dołoto
4%
Mateusz Gil
4%
Mateusz Ziemba
4%
Michal Jakubowski
4%
Michał Jakubowski
4%
Michał Matczak
4%
Michał Nowak
4%
Michał Wojcieszek
4%
Michał Wroński
4%
Patrycja Trząska
4%
Patryk Kozieł
4%
Patryk Zawieja
4%
Paweł Murawski
4%
Piotr Chodera
4%
Przemysław Piątek
4%
Rafał Gawełczyk
4%
Rafał Guzewicz
4%
Sebastian Baltrukas
4%
Szymon Łuszczek
4%
Szymon Moroń
4%
Tomasz Burliga
4%
Victor Kiziukiewicz
4%
Wiktor Żurowski
4%
Adam Czech
3%
Adrian Dudek
3%
Aleksander Dryjański
3%
Aleksa Nowak
3%
Artur Kubicki
3%
Bartosz Brudnicki
3%
Bartosz Bździel
3%
Bartosz Pawlik
3%
Błażej Cichy
3%
Brajan Dzieniszewski
3%
Daniel Chudecki
3%
Dawid Giża
3%
Dominika Dziczek
3%
Dominik Kasprzak
3%
Eliza Mikrut
3%
Filip Paryż
3%
Filip Zowczak
3%
Gabriela Gierasimiuk
3%
Gustaw Gabor
3%
Gustaw Rejent
3%
Hubert Antokolski
3%
Iwo Staniszewski
3%
Jadwiga Łuszczek
3%
Jakub Cabaj
3%
Jakub Dłużak
3%
Jakub Janusz
3%
Jakub Jarosz
3%
Jakub Kowalski
3%
Jakub Lewandowski
3%
Jakub Misiak
3%
Jakub Wojtaszewski
3%
Jan Hetman
3%
Jan Koziarski
3%
Jan Krzanowski
3%
Jan Wojcieszek
3%
Julian Helowicz
3%
Julian Lorenc
3%
Kacper Bieńkowski
3%
Kacper Jędrzejuk
3%
Kacper Wiłkojć
3%
Kacper Wójcik
3%
Kamil Gładysz
3%
Kamil Kiełkowski
3%
Kamil Mieńko
3%
Kamil Więcławek
3%
Kamil Zieliński
3%
Kazimierz Cieślak
3%
Krystian Węgrzyn
3%
Krzysztof Chlebowski
3%
Krzysztof Górka
3%
Krzysztof Kasprzak
3%
Krzysztof Kucharski
3%
Krzysztof Natusiewicz
3%
Krzysztof Pietrusiak
3%
Ksawier Kuźniar
3%
Łukasz Herman
3%
Marcin Kledzik
3%
Marcin Żuprański
3%
Mariusz Hagemejer
3%
Mateusz Krzyżanowski
3%
Mateusz Zieliński
3%
Michał Kledzik
3%
Michał Kowalczyk
3%
Michał Robaczyk
3%
Michał Tomański
3%
Michał Woźniak
3%
Michał Żarnicki
3%
Mikołaj Zembrowski
3%
Mikołaj Zubowicz
3%
Miłosz Duraj
3%
Natan Suslowicz
3%
Oskar Kaczmarek
3%
Patrycja Głodzińska
3%
Patryk Plata
3%
Paweł Kowol
3%
Paweł Malinowski
3%
Paweł Rybak
3%
Paweł Seelieb
3%
Paweł Włoszek
3%
Paweł Zygmunt
3%
Piotr Pojda
3%
Piotr Serbeński
3%
Piotr Zygmunt
3%
Przemysław Rudziak
3%
Sara Waniołka
3%
Sergiusz Jakubczak
3%
Szymon Gabara
3%
Szymon Styburski
3%
Tomasz Darłak
3%
Tonia Kwaśniewska
3%
Weronika Krzakiewicz
3%
Witold Waszkiewicz
3%
Wojciech Weremczuk
3%
Wojciech Włodarczyk
3%
Zofia Węgrzynowska
3%
Zuzanna Kacprzak
3%
Zygmunt Małkiewicz
3%
Adam Andruczyk
2%
Adam Dojtrowski
2%
Adam Jedynak
2%
Adam Sitek
2%
Adrian Katulski
2%
Adrian Kowalczyk
2%
Adrian Kowalski
2%
Adrianna Szabała
2%
Aleksander Hływa
2%
Aleksander Iżowski
2%
Aleksander Kiełbratowski
2%
Alicja Czysz
2%
Anna Prabucka
2%
Antoni Ciepiela
2%
Antoni Deja
2%
Artur Miazga
2%
Artur Rapiński
2%
Bartłomiej Lewandowski
2%
Bartłomiej Różalski
2%
Bartłomiej Sordyl
2%
Bartosz Bogdan
2%
Bartosz Kosyna
2%
Bartosz Kramkowski
2%
Bogdan Szatanowski
2%
Cezary Gajzler
2%
Damian Matraszek
2%
Daniel Stempin
2%
Darek Antokolski
2%
Dominik Czechowski
2%
Dominik Obara
2%
Dominik Pasztetnik
2%
Dominik Tadej
2%
Elżbieta Seelieb
2%
Emilia Goljanek
2%
Ewa Piechocka
2%
Ewelina Preś
2%
Filip Szostak
2%
Filip Wołowicz
2%
Filip Wyczyński
2%
Franciszek Byliński
2%
Franciszek Domagała
2%
Franciszek Domański
2%
Franciszek Rak
2%
Franciszek Traple
2%
Fryderyk Janiak
2%
Gustaw Biegański
2%
Hanna Fydrych
2%
Ignacy Chodarcewicz
2%
Ignacy Makowski
2%
Ignacy Rataj
2%
Igor Jaroniewski
2%
Jacek Jaworski
2%
Jakub Bukowski
2%
Jakub Jarmuła
2%
Jakub Kubuszek
2%
Jakub Pacewicz
2%
Jakub Ryba
2%
Jakub Seiffert
2%
Jakub Tamioła
2%
Jakub Trzop
2%
Jakub Zarębski
2%
Jan Buff
2%
Jan Grabowski
2%
Jan Lis
2%
Jan Zachwatowicz
2%
Jarosław Nowicki
2%
Jędrzej Topolski
2%
Joachim Rogal
2%
Joanna Macuk
2%
Julian Pawłowski
2%
Julia Ostrowicka
2%
Juliusz Czakon
2%
Juliusz Grzegorz
2%
Kacper Dziedziela
2%
Kacper Grzelakowski
2%
Kacper Kudaj
2%
Kamil Fiedoruk
2%
Kamil Tkacz
2%
Kamil Ugorek
2%
Kamil Wroński
2%
Kamil Ziółkowski
2%
Karol Cudzich
2%
Karolina Czuraj
2%
Karolina Żurek
2%
Karol Rogalski
2%
Karol Seitz
2%
Kasia Stawiarz
2%
Kinga Wiśniewska
2%
Konstanty Kuźnik
2%
Konstanty Sobański
2%
Konstanty Wojnowski
2%
Krzysztof Cabaj
2%
Krzysztof Dąbrowski
2%
Krzysztof Michałek
2%
Krzysztof Wyrzykowski
2%
Ksawery Browarny
2%
Lena Dyrka
2%
Leon Marszal
2%
Łukasz Kubica
2%
Łukasz Kurowski
2%
Maciej Mancewicz
2%
Maciej Sugier
2%
Maciej Wojtyła
2%
Maciej Wróblewski
2%
Maksymilian Kutyła
2%
Maksymilian Kwaśniewski
2%
Maksym Wingert
2%
Małgorzata Nowagiel
2%
Marcin Radziszewski
2%
Marcin Zabiegaj
2%
Marek Kurcyus
2%
Marek Wójtowicz
2%
Mariusz Pabisz
2%
Marta Choroszko
2%
Marta Kamaszewska
2%
Mateusz Adamczyk
2%
Mateusz Śmiatacz
2%
Mateusz Zdunek
2%
Mateusz Zygmunt
2%
Michał Drzęźla
2%
Michał Górny
2%
Michał Lewandowski
2%
Michał Marczak
2%
Michał Nikiel
2%
Michał Walczak
2%
Miłosz Gdula
2%
Miłosz Łaskawiec
2%
Natalia Rypina
2%
Nikodem Surdy
2%
Nikodem Tomaszuk
2%
Nikola Frankiewicz
2%
Norbert Oryga
2%
Oliver Sherlock
2%
Oliwia Wesołowska
2%
Oskar Gralec
2%
Patryk Mądry
2%
Patryk Nowak
2%
Paweł Gołdyn
2%
Piotr Alexandrowicz
2%
Piotr Kowal
2%
Piotr Kuchta
2%
Piotr Tomczyk
2%
Roksana Porucznik
2%
Sebastian Kowalczyk
2%
Stanisław Dworak
2%
Stanisław Szewczuk
2%
Stanisław Tochowicz
2%
Szymon Bajor
2%
Szymon Knapek
2%
Szymon Mazur
2%
Szymon Prajsnar
2%
Szymon Walczak
2%
Tomasz Cyrklaff
2%
Tomasz Gieniusz
2%
Tomasz Kiełbasa
2%
Tomasz Kisała
2%
Tomasz Odelga
2%
Tymon Martyński
2%
Wawrzyniec Gradkowski
2%
Weronika Czuraj
2%
Wiktor Zegadło
2%
Wojciech Fydrych
2%
Wojciech Kisała
2%
Wojciech Zachwatowicz
2%
Aaron Kowalski
1%
Adam Dąbrowski
1%
Adam Golus
1%
Adam Jeż
1%
Adam Kulasiński
1%
Adam Romankiewicz
1%
Adam Semeniuk
1%
Adam Stach
1%
Adam Styka
1%
Adam Szpor
1%
Adam Walczybok
1%
Adam Wójcik
1%
Adam Zieliński
1%
Adelina Ilnicki
1%
Adrianna Felczerek
1%
Adrian Niemiec
1%
Adrian Radziewicz
1%
Agnieszka Gackowska
1%
Alan Lisewski
1%
Alan Podobiński
1%
Aleksander Dworak
1%
Aleksander Piwowarek
1%
Aleksander Rogowski
1%
Aleksander Skrzypczak
1%
Aleksander Sławiński
1%
Aleksander Szymkowicz
1%
Aleksander Trzciński
1%
Aleksander Wojciechowski
1%
Aleksander Zakrzewski
1%
Aleksandra Bystrova
1%
Aleksandra Mogiła
1%
Alexander Oleś
1%
Alicja Kowalska
1%
Andrzej Kowal
1%
Andrzej Kwiatkowski
1%
Aniela Konopacka
1%
Anna Kryger
1%
Anna Oleszczuk
1%
Antoni Baginski
1%
Antoni Bagiński
1%
Antoni Baumgart
1%
Antoni Chomiuk
1%
Antoni Czarnecki
1%
Antoni Dziwulski
1%
Antoni Kingston
1%
Antoni Kłos
1%
Antoni Malinowski
1%
Antonina Bieryt
1%
Antoni Orłowski
1%
Antoni Osman
1%
Antoni Rydzyński
1%
Antoni Surowiec
1%
Antoni Waryszak
1%
Arkadiusz Szydło
1%
Artur Justyński
1%
Bartłomiej Chmielewski
1%
Bartłomiej Gołda
1%
Bartłomiej Jantas
1%
Bartłomiej Kaleński
1%
Bartłomiej Kopacz
1%
Bartłomiej Krawczyk
1%
Bartłomiej Olechno
1%
Bartłomiej Zieliński
1%
Bartosz Błyszcz
1%
Bartosz Derejsabicz
1%
Bartosz Jakub Rosadziński
1%
Bartosz Kaleta
1%
Bartosz Karpeta
1%
Bartosz Krogul
1%
Bartosz Krzysztoszek
1%
Bartosz Lewandowski
1%
Bartosz Miduch
1%
Bartosz Młynarczyk
1%
Bartosz Papierz
1%
Bartosz Szczepaniak
1%
Bartosz Tokarski
1%
Bianka Witkowska
1%
Blanka Kozak
1%
Blanka Le Hai
1%
Błażej Bogucki
1%
Błażej Bombik
1%
Borys Barański
1%
Borys Pałczyński
1%
Bruno Kurdybowicz
1%
Bruno Świderski
1%
Cyprian Garboś
1%
Cyprian Piwko
1%
Damian Brzozowski
1%
Damian Malinowski
1%
Damian Ninard
1%
Damian Szulik
1%
Daniel Grzyb
1%
Daniel Mazurek
1%
Daniel Samoszyn
1%
Dariusz Łebkowski
1%
Dawid Dąbrowski
1%
Dawid Mroczkowski
1%
Dawid Pendulak
1%
Dawid Schwalbe
1%
Denys Shkarupa
1%
Dominika Mrówka
1%
Dominik Domin
1%
Dominik Dziopa
1%
Dominik Jakubowski
1%
Dominik Kosla
1%
Dominik Pankros
1%
Dominik Wojciechowski
1%
Eliza Samselska
1%
Emilia Pawlik
1%
Emil Kubylis
1%
Emil Pawelczyk
1%
Emil Urbański
1%
Ewa Wójcik
1%
Feliks Chudzinski
1%
Felix Lewicki
1%
Felix Rejent
1%
Filip Dobczyński
1%
Filip Elendt
1%
Filip Gosk
1%
Filip Jurczak
1%
Filip Lesiński
1%
Filip Młynarczyk
1%
Filip Nowak
1%
Filip Pasławski
1%
Filip Urbański
1%
Filip Waligóra
1%
Filip Więcław
1%
Filip Żebrowski
1%
Franciszek Dąbrowski
1%
Franciszek Dębkowski
1%
Franciszek Frankowski
1%
Franciszek Gajda
1%
Franciszek Jentkiewicz
1%
Franciszek Kłos
1%
Franciszek Motyliński
1%
Franciszek Odelga
1%
Franciszek Rajmann
1%
Franciszek Tobiczyk
1%
Franciszek Zieliński
1%
Franek Saliński
1%
Gabriela Frasik
1%
Gabriel Pszonak
1%
Grzegorz Burkat
1%
Grzegorz Fiołka
1%
Gustaw Kochanowski
1%
Henryk Malinowski
1%
Hubert Borek
1%
Hubert Kuc
1%
Hubert Śliwiński
1%
Hubert Witek
1%
Iga Leszczyńska
1%
Ignacy Bukowski
1%
Ignacy Guzewski
1%
Igor Dudek
1%
Igor Gołębowski
1%
Igor Gronowski
1%
Igor Kasprzycki
1%
Igor Książek
1%
Igor Strzyżyński
1%
Igor Wojciech Wawrzynski
1%
Igor Żydek
1%
Jakub Barciaga
1%
Jakub Bortko
1%
Jakub Grynia
1%
Jakub Jakowienko
1%
Jakub Kasprzyk
1%
Jakub Krupka
1%
Jakub Kuderski
1%
Jakub Łukasiewicz
1%
Jakub Miśko
1%
Jakub Mordel
1%
Jakub Ogrodowczyk
1%
Jakub Piotrowski
1%
Jakub Rezmer-Dywan
1%
Jakub Skrzypczyński
1%
Jakub Sykulski
1%
Jakub Szymański
1%
Jakub Zając
1%
Jan Bajon
1%
Jan Bielenia
1%
Jan Goroszewski
1%
Jan Maranowski
1%
Jan Milewski
1%
Jan Puwalski
1%
Jan Szczepański
1%
Jan Tomczyk
1%
Jan Wierzchoń
1%
Jan Wojcieszkiewicz
1%
Jan Zajac
1%
Jeremi Mroczko
1%
Jeremi Niedziela
1%
Joachim Olko
1%
Joanna Bojanowska
1%
Joshua McDonald
1%
Józef Zwias
1%
Julek Kawczyński
1%
Julian Schier
1%
Kacper Andrzejewski
1%
Kacper Dłubała
1%
Kacper Grygorewicz
1%
Kacper Kosiński
1%
Kacper Murawski
1%
Kacper Pawlaczyk
1%
Kacper Połoszczak
1%
Kacper Pyciński
1%
Kacper Stacha
1%
Kacper Szeląg
1%
Kajetan Maślak
1%
Kamil Fus
1%
Kamil Galas
1%
Kamil Galicki
1%
Kamil Kołcz
1%
Kamil Kriegler
1%
Kamil Kuźmiński
1%
Kamil Łukaszewski
1%
Kamil Pieczka
1%
Kamil Pomietło
1%
Kamil Sabak
1%
Karol Chmiel
1%
Karolina Jarosz
1%
Karolina Matczak
1%
Karol Leonowicz
1%
Karol Marczak
1%
Karol Masłowski
1%
Karol Micał
1%
Karol Stacha
1%
Katarzyna Semik
1%
Konrad Przetacznik
1%
Konrad Wołowiec
1%
Kornel Howil
1%
Kryspin Laskowski
1%
Krystian Czudej
1%
Krystian Pogorzelski
1%
Krzysztof Bajor
1%
Krzysztof Dybich
1%
Krzysztof Dziechciarz
1%
Krzysztof Kochanowski
1%
Krzysztof Kowalski
1%
Krzysztof Mazur
1%
Ksawery Beniuk
1%
Ksawery Jamiński
1%
Ksawier Kozak
1%
Laura Kowalska
1%
Leonard Boldizsár
1%
Leon Bajer
1%
Leon Kubylis
1%
Leon Muś
1%
Leon Pawłowski
1%
Leon Przeciechowski-Adamski
1%
Liliana Dziedziela
1%
Ludwik Staniszewski
1%
Łukasz Cichecki
1%
Łukasz Leśniak
1%
Łukasz Młynarczyk
1%
Łukasz Pawłowski
1%
Luu Hathi Julia Nguyen
1%
Maciej Baraniecki
1%
Maciej Durański
1%
Maciej Figuła
1%
Maciej Greń
1%
Maciej Kłusek
1%
Maciej Kowalczyk
1%
Maciej Kowalski
1%
Maciej Lyer
1%
Maciej Pasiek
1%
Maksymilian Fobke
1%
Maksymilian Garus
1%
Maksymilian Januszewski
1%
Maksymilian Kalkowski
1%
Maksymilian Krysakowski
1%
Maksymilian Węgiel
1%
Marcel Rogozinski
1%
Marcin Dąbrowski
1%
Marcin Kowalski
1%
Marcin Rogala
1%
Marek Dojtrowski
1%
Marek Mendel
1%
Mariusz Kopeć
1%
Mariusz Wiśniewski
1%
Mateusz Amanowicz
1%
Mateusz Bednarczyk
1%
Mateusz Burnicki
1%
Mateusz Cukier
1%
Mateusz Gąsiorkiewicz
1%
Mateusz Kowalski
1%
Mateusz Nawrocki
1%
Mateusz Nowak
1%
Mateusz Słowiok
1%
Mateusz Wich
1%
Mateusz Woźniak
1%
Maxim Otto
1%
Max Utri
1%
Michał Badura
1%
Michał Burnicki
1%
Michał Cichocki
1%
Michał Ciesielski
1%
Michał Grygorewicz
1%
Michał Karwowski
1%
Michał Mac
1%
Michał Machnik
1%
Michał Mendocha
1%
Michał Mróz
1%
Michał Płotek
1%
Michał Selwesiuk
1%
Michał Sikora
1%
Michał Stachurski
1%
Michał Wesołowski
1%
Michał Wójcicki
1%
Mikołaj Dybek
1%
Mikołaj Ferens
1%
Mikołaj Kuzia
1%
Mikołaj Łojewski
1%
Mikołaj Potiopa
1%
Mikołaj Rydlewski
1%
Natalia Zawadzka
1%
Nikodem Biernacki
1%
Nikodem Bury
1%
Nikodem Olik
1%
Nikodem Pieprzyk
1%
Nikodem Rudy
1%
Olaf Bohdziewicz
1%
Olgierd Ostrowski
1%
Oliwia Tołysz
1%
Oliwier Szklarz
1%
Oskar Karwot
1%
Oskar Lewandowski
1%
Oskar Nadrowski
1%
Patrick Koprek
1%
Patrycja Staśko
1%
Patryk Bola
1%
Patryk Grosiak
1%
Patryk Kasperek
1%
Patryk Pulit
1%
Patryk Sroka
1%
Patryk Szymula
1%
Patryk Wojtyła
1%
Patryk Zakrzewski
1%
Paulina Jaskulska
1%
Paweł Dominiczak
1%
Paweł Duchnowski
1%
Paweł Kowalski
1%
Paweł Mazurek
1%
Paweł Stolarski
1%
Paweł Tomal
1%
Paweł Wojciechowski
1%
Piotr Bzinkowski
1%
Piotr Dąbrowski
1%
Piotr Dziugieł
1%
Piotr Frankowski
1%
Piotr Jakubowski
1%
Piotr Janecki
1%
Piotr Karpiński
1%
Piotr Mazurkiewicz
1%
Piotr Nieczypor
1%
Piotr Ochal
1%
Piotr Oleszczuk
1%
Piotr Zieliński
1%
Przemysław Kleniewski
1%
Przemysław Kowalski
1%
Radosław Samselski
1%
Radosław Wanat
1%
Rafał Bortliczek
1%
Rafał Gołyszny
1%
Rafał Potaczała
1%
Rafał Sądek
1%
Rafał Studnicki
1%
Remigiusz Wingert
1%
Robert Jastrzębski
1%
Roch Grzegorek
1%
Sebastian Lewandowski
1%
Sebastian Mika
1%
Sebastian Pałka
1%
Sergiusz Jędrzejczyk
1%
Stanisław Karpiński
1%
Stefan Fromm
1%
Szymon Bereza
1%
Szymon Kornatowski
1%
Szymon Kowal
1%
Szymon Kowalski
1%
Szymon Meyer
1%
Szymon Nowak
1%
Szymon Nowakowski
1%
Szymon Salabura
1%
Szymon Włóczyk
1%
Szymon Zacharczuk
1%
Tobiasz Rychlik
1%
Tomas Leonavicius
1%
Tomasz Brzóskiewicz
1%
Tomasz Dąbrowski
1%
Tomasz Hebel
1%
Tomasz Jaśko
1%
Tomasz Kaczorowski
1%
Tomasz Kartasiński
1%
Tomasz Malinowski
1%
Tomasz Owczarek
1%
Tomasz Piechowski
1%
Tomasz Wietecha
1%
Tomek Bogdanik
1%
Tymon Bajek
1%
Tymon Baumgart
1%
Tymon Jakubowski
1%
Tymoteusz Aleksandrowicz
1%
Tymoteusz Kazimierczak
1%
Tymoteusz Orzechowski
1%
Tymoteusz Surdy
1%
Wadim Liszczenko
1%
Weronika Gałuszka
1%
Weronika Marczyk
1%
Weronika Rogulska
1%
Weronika Sadzik
1%
Wiktor Filiks
1%
Wiktoria Fronczek
1%
Wiktor Kowalski
1%
Wiktor Łyszkowski
1%
Wiktor Pączka
1%
Wiktor Smorąg
1%
Witold Bulanda
1%
Witold Kordos
1%
Wojciech Karwowski
1%
Wojciech Ludwin
1%
Wojciech Moska
1%
Wojciech Natanek
1%
Wojciech Sobczyk
1%
Wojciech Stach
1%
Wojciech Żmudziak
1%
Zachariasz Bortliczek
1%
Zofia Herzyk
1%
Zuzanna Buda
1%
Zuzanna Karbowiak
1%
Aaron Jóźwiak
0%
Adam Andruszkiewicz
0%
Adam Babkiewicz
0%
Adam Batko
0%
Adam Batorski
0%
Adam Bednarek
0%
Adam Ben Ahmed
0%
Adam Bieniek
0%
Adam Blicharski
0%
Adam Blonski
0%
Adam Bobowski
0%
Adam Bogusz
0%
Adam Borek
0%
Adam Bors
0%
Adam Bronisław Czech
0%
Adam Brzeziński
0%
Adam Chłopiński
0%
Adam Cieślikowski
0%
Adam Czapor
0%
Adam Czarnecki
0%
Adam Dawidziuk
0%
Adam Ebert
0%
Adam Fic
0%
Adam Foterek
0%
Adam Franiak
0%
Adam Gajda
0%
Adam Gajowy
0%
Adam Gancarczyk
0%
Adam Gawor
0%
Adam Gawroński
0%
Adam Gocyła
0%
Adam Golik
0%
Adam Gołkowski
0%
Adam Gorzkowski
0%
Adam Guzik
0%
Adam Halił
0%
Adam Jagodziński
0%
Adam Jarząbkiewicz
0%
Adam Jaskot
0%
Adam Jaszczuk
0%
Adam Jednac
0%
Adam Jednacz
0%
Adam Jelewski
0%
Adam Kadzielawa
0%
Adam Kiecoń
0%
Adam Kiełkowski
0%
Adam Klechamer
0%
Adam Klinowski
0%
Adam Kluczewski
0%
Adam Kolanus
0%
Adam Komoń
0%
Adam Komorowski
0%
Adam Kopczyński
0%
Adam Korpak
0%
Adam Kostrzewa
0%
Adam Kozłowski
0%
Adam Krupa
0%
Adam Krystkiewicz
0%
Adam Kubis
0%
Adam Linowski
0%
Adam Lisik
0%
Adam Macko
0%
Adam Mackowiak
0%
Adam Malec
0%
Adam Malicki
0%
Adam Margieta
0%
Adam Mazur
0%
Adam Medlarski
0%
Adam Michalak
0%
Adam Michoński
0%
Adam Mierzewski
0%
Adam Miłek
0%
Adam Morawski
0%
Adam Nahajowski
0%
Adam Nawojski
0%
Adam Nejman
0%
Adam Oleniacz
0%
Adam Pasikowski
0%
Adam Pawlak
0%
Adam Pawłowski
0%
Adam Pietrzak
0%
Adam Pisarek
0%
Adam Płomiński
0%
Adam Polejczuk
0%
Adam Ragiel
0%
Adam Redlicki
0%
Adam Remfeld
0%
Adam Ronkiewicz
0%
Adam Rowicki
0%
Adam Rudawski
0%
Adam Rurys
0%
Adam Rydlewski
0%
Adam Schmidt
0%
Adam Sławecki
0%
Adam Sochacki
0%
Adam Sokołowski
0%
Adam Soltykowski
0%
Adam Sołtysiak
0%
Adam Stachowiak
0%
Adam Stankiewicz
0%
Adam Stępień
0%
Adam Steuer
0%
Adam Suchcicki
0%
Adam Szaj
0%
Adam Szczęsny
0%
Adam Szewczyk
0%
Adam Szuba
0%
Adam Tesarowski
0%
Adam Tkaczyk
0%
Adam Tomaszewski
0%
Adam Trąba
0%
Adam Wacławek
0%
Adam Warchoł
0%
Adam Wasilewski
0%
Adam Węgrzyn
0%
Adam Wierzbicki
0%
Adam Wierzchowski
0%
Adam Wita
0%
Adam Wojciechowski
0%
Adam Wojtkowiak
0%
Adam Wojtyła
0%
Adam Wyrembelski
0%
Adam Wysocki-Chorąży
0%
Adam Zbiróg
0%
Adam Żołna
0%
Adam Zubowicz
0%
Adam Zybała
0%
Adam Zych
0%
Adrian Adamiec
0%
Adrian Alankiewicz
0%
Adriana Sobotka
0%
Adrian Banaś
0%
Adrian Barwiński
0%
Adrian Bassa
0%
Adrian Borys
0%
Adrian Bury
0%
Adrian Cacoń
0%
Adrian Ciesielczyk
0%
Adrian Czerwinski
0%
Adrian Duszynski
0%
Adrian Dymecki
0%
Adrian Dziewulski
0%
Adrian Gorzoch
0%
Adrian Kachadorian
0%
Adrian Kacprzyk
0%
Adrian Katryniok
0%
Adrian Kołodziej
0%
Adrian Ławicki
0%
Adrian Majewski
0%
Adrian Malec
0%
Adrian Mikołajuk
0%
Adrian Mitoraj
0%
Adrian Mróz
0%
Adrian Napieracz
0%
Adrianna Pytlarz
0%
Adrianna Rydlewska
0%
Adrian Nowikiewicz
0%
Adrian Ogrodowski
0%
Adrian Okleciński
0%
Adrian Piątek
0%
Adrian Reinert
0%
Adrian Rojna
0%
Adrian Słowik
0%
Adrian Stromski
0%
Adrian Szandrowski
0%
Adrian Szewczyński
0%
Adrian Wach
0%
Adrian Wąchała
0%
Adrian Walczak
0%
Adrian Wojda
0%
Adrian Zaklicki
0%
Adrian Zawadzki
0%
Adrian Żyła
0%
Agata Brzęczek
0%
Agata Frydrych
0%
Agata Honisz
0%
Agata Irga
0%
Agata Krzykała
0%
Agata Kuzenko
0%
Agata Liepelt
0%
Agata Rymarczyk
0%
Agata Szal
0%
Agata Szczepaniuk
0%
Agata Żymuła
0%
Agnieszka Berecka
0%
Agnieszka Dobruk
0%
Agnieszka Gładysz-Ziętek
0%
Agnieszka Górska
0%
Agnieszka Guzewicz
0%
Agnieszka Kamińska
0%
Agnieszka Kozieł
0%
Agnieszka Ksiądzyna
0%
Agnieszka Lamparska-Karwowska
0%
Agnieszka Pędzisz
0%
Agnieszka Piecha
0%
Agnieszka Sekuła
0%
Agnieszka Smolnicka
0%
Ala Jaskulska
0%
Alan Antczak
0%
Alan Bajorek
0%
Alan Chojnowski
0%
Alan Czyż
0%
Alan Dygutowicz
0%
Alan Kossak
0%
Alan Malik
0%
Alan Pawłowski
0%
Alan Rusin
0%
Alan Świątczak
0%
Alan Szulc
0%
Alan Tomczak
0%
Alan Uliński
0%
Alan Żynda
0%
Albert Adam Puzon
0%
Albert Orłowski
0%
Albert Pieniak
0%
Albert Siekański
0%
Albert Stanula
0%
Albert Sulej
0%
Alek Bogdański
0%
Aleksander Atamańczuk
0%
Aleksander Bartoszak
0%
Aleksander Bednarski
0%
Aleksander Bilan
0%
Aleksander Borzykowski
0%
Aleksander Brzozowski
0%
Aleksander Budziński
0%
Aleksander Dobosz
0%
Aleksander Dudziński
0%
Aleksander Dziedzic
0%
Aleksander Figiel
0%
Aleksander Gajos
0%
Aleksander Gałka
0%
Aleksander Garlicki
0%
Aleksander Gręda
0%
Aleksander Knapik
0%
Aleksander Kołodziński
0%
Aleksander Kosowski
0%
Aleksander Kucharski
0%
Aleksander Kuriata
0%
Aleksander Kuźma
0%
Aleksander Lipowski
0%
Aleksander Mączyński
0%
Aleksander Magiera
0%
Aleksander Majewski
0%
Aleksander Marcinkiewicz
0%
Aleksander Morcinek
0%
Aleksander Mróz
0%
Aleksander Mydlak
0%
Aleksander Nowak
0%
Aleksander Osiecki
0%
Aleksander Osiowski
0%
Aleksander Paluch
0%
Aleksander Parasion
0%
Aleksander Pietkiewicz
0%
Aleksander Pogorzelski
0%
Aleksander Ponto
0%
Aleksander Radoszko
0%
Aleksander Rekawek
0%
Aleksander Rosik
0%
Aleksander Rutkowski
0%
Aleksander Salamon
0%
Aleksander Siwek
0%
Aleksander Smyczyński
0%
Aleksander Sobolewski
0%
Aleksander Stachnik
0%
Aleksander Stepniewicz
0%
Aleksander Sujka
0%
Aleksander Świechowski
0%
Aleksander Taszycki
0%
Aleksander Turski
0%
Aleksander Wellinski
0%
Aleksander Węsierski
0%
Aleksander Wilczyński
0%
Aleksander Władyka
0%
Aleksander Wołoszyn
0%
Aleksander Zborowski
0%
Aleksander Ziemski
0%
Aleksander Żubrowski
0%
Aleksandra Balawejder
0%
Aleksandra Brunn
0%
Aleksandra Dziegieć
0%
Aleksandra Dziukiewicz
0%
Aleksandra Jaszczuk
0%
Aleksandra Kondrat
0%
Aleksandra Miazek
0%
Aleksandra Postek
0%
Aleksandra Staszewska
0%
Aleksandra Symko
0%
Aleksandra Zawisza
0%
Aleksandra Żybura
0%
Aleksandr Balabanov
0%
Aleks Baran
0%
Aleks Dawidek
0%
Aleks Tomczyk
0%
Aleksy Dziewulski
0%
Aleksy Kłyk
0%
Alexander Arez
0%
Alexander Gacek
0%
Alexander Kuziuta
0%
Alexander Walkiewicz
0%
Alex Gałęza
0%
Alex Korożan
0%
Alex Myrus
0%
Alex Papageorgiou
0%
Alicja Baginska
0%
Alicja Bajer
0%
Alicja Dabkiewicz
0%
Alicja Elendt
0%
Alicja Łukasiewicz
0%
Alicja Neugebauer
0%
Alicja Nowak
0%
Alicja Sroka
0%
Alicja Tyrakowska
0%
Amadeusz Kaniasty
0%
Amelia Konieczka
0%
Amelia Michalik
0%
Amelia Pownug
0%
Amelia Przystał
0%
Amelia Rudzik
0%
Amelka Filipek
0%
Anastazja Cybulska
0%
Anastazja Janicka
0%
Andrea Basilisco
0%
Andrew Gacka
0%
Andrii Bondarenko
0%
Andrzej Cziao
0%
Andrzej Dębicki
0%
Andrzej Domagała
0%
Andrzej Jamrozik
0%
Andrzej Jędrzejak
0%
Andrzej Jodko
0%
Andrzej Klimek
0%
Andrzej Krzewicki
0%
Andrzej Lisiecki
0%
Andrzej Lizik
0%
Andrzej Moskal
0%
Andrzej Nowak
0%
Andrzej Perczak
0%
Andrzej Rudnik
0%
Andrzej Sakłak
0%
Andrzej Sasak
0%
Andrzej Sobieszczyk
0%
Andrzej Wojciechowski
0%
Aneta Sikora
0%
Aneta Zwolińska
0%
Angelika Gaweł
0%
Angelika Kopaczewska
0%
Angelika Ochla
0%
Aniela Szwagrzyk
0%
Anna Bartczak
0%
Anna Bielak
0%
Anna Burnicka
0%
Anna Dobrowolska
0%
Anna Hibszer
0%
Anna Jasiewicz
0%
Anna Jendruszewska
0%
Anna Jówko
0%
Anna Mieszalska
0%
Anna Postek
0%
Anna Szymańska
0%
Anna Zborowska
0%
Antek Buski
0%
Antek Charytoniuk
0%
Antek Deryło
0%
Antek Gniady
0%
Antek Szpilski
0%
Anthony Nowak
0%
Antoni Baránski
0%
Antoni Błoński
0%
Antoni Bogumił
0%
Antoni Borkowski
0%
Antoni Bzinkowski
0%
Antoni Chawrilski
0%
Antoni Cichoń
0%
Antoni Ciemniewski
0%
Antoni Citko
0%
Antoni Dałek
0%
Antoni Dankowski
0%
Antoni Delekta
0%
Antoni Dobieszewski
0%
Antoni Dudys
0%
Antoni Fatek
0%
Antoni Filip
0%
Antoni Futkowski
0%
Antoni Głowania
0%
Antoni Godlewski
0%
Antoni Gozdyra
0%
Antoni Grabarz
0%
Antoni Jankowski
0%
Antoni Jastrzębski
0%
Antoni Krupiński
0%
Antoni Krzywdziński
0%
Antoni Kubiak
0%
Antoni Kujawa
0%
Antoni Ładyński
0%
Antoni Łęczycki
0%
Antoni Lew Frąckowiak
0%
Antoni Libiszowski
0%
Antoni Linard
0%
Antoni Lizoń
0%
Antoni Maczewski
0%
Antoni Magdziarz
0%
Antoni Małażewski
0%
Antoni Małek
0%
Antoni Mania
0%
Antoni Mikołajczyk
0%
Antoni Munje
0%
Antonina Wasilewska
0%
Antoni Nowicki
0%
Antoni Orliński
0%
Antoni Ożga
0%
Antoni Pajko
0%
Antoni Pękalski
0%
Antoni Pepliński
0%
Antoni Piasek
0%
Antoni Pielak
0%
Antoni Pośniak
0%
Antoni Prowda
0%
Antoni Przybylski
0%
Antoni Pusz
0%
Antoni Razowski
0%
Antoni Reszka
0%
Antoni Rodzoch
0%
Antoni Rygulski
0%
Antoni Sajdak
0%
Antoni Sarna
0%
Antoni Sierzputowski
0%
Antoni Skoczylas
0%
Antoni Snokowski
0%
Antoni Stepien
0%
Antoni Szafran
0%
Antoni Szczepaniak
0%
Antoni Szoka
0%
Antoni Sztobnicki
0%
Antoni Thoms
0%
Antoni Trześniewski
0%
Antoni Wartecki
0%
Antoni Wiłkowicz
0%
Antoni Wojdyła
0%
Antoni Wołczyk
0%
Antoni Zając
0%
Antoni Zakrzewski-Jarosz
0%
Antoni Zganiacz
0%
Antoni Żyrek
0%
Arek Pikosz
0%
Arkadiusz Atamańczuk
0%
Arkadiusz Gajda
0%
Arkadiusz Golec
0%
Arkadiusz Margieta
0%
Arkadiusz Mazur
0%
Arkadiusz Pekalski
0%
Arkadiusz Sałajczyk
0%
Arkadiusz Stróżyk
0%
Arkadiusz Szczerbak
0%
Arkadiusz Szmyd
0%
Arkadiusz Uhlig
0%
Arkadiusz Wawrzynek
0%
Arkadiusz Wójtowicz
0%
Arkadiusz Zabolewicz
0%
Arnold Oleś
0%
Aron Bełtowski
0%
Aron Maziar
0%
Artur Bacik
0%
Artur Ceńkar
0%
Artur Doroszko
0%
Artur Gwizdziel
0%
Artur Kaczor
0%
Artur Keczmerski
0%
Artur Klimek
0%
Artur Kosiec
0%
Artur Kozieł
0%
Artur Kręgiel
0%
Artur Lange
0%
Artur Okulicz-Kozaryn
0%
Artur Rzegost
0%
Artur Stefański
0%
Artur Strzałkowski
0%
Artur Strzępka
0%
Artur Szamatowicz
0%
Artur Szela
0%
Asia Gałaszewska
0%
Ayan Qaiser
0%
Barbara Błońska
0%
Barbara Olbromska
0%
Bartek Czechowski
0%
Bartek Kaczorowski
0%
Bartek Kukier
0%
Bartek Kulas
0%
Bartek Kuźniar
0%
Bartek Leśniewski
0%
Bartek Mazurek
0%
Bartek Mirecki
0%
Bartek Rykaczewski
0%
Bartek Stefańczyk
0%
Bartek Wrzeszcz
0%
Bartłomiej Błaszczyk
0%
Bartłomiej Brzezinka
0%
Bartłomiej Dabioch
0%
Bartłomiej Deptuła
0%
Bartłomiej Drewla-Mazurkiewicz
0%
Bartłomiej Dubanik
0%
Bartłomiej Fecko
0%
Bartłomiej Florek
0%
Bartłomiej Gajewski
0%
Bartłomiej Gałczyk
0%
Bartłomiej Gozdera
0%
Bartłomiej Grela
0%
Bartłomiej Gruzdas
0%
Bartłomiej Gul
0%
Bartłomiej Gut
0%
Bartłomiej Kamiński
0%
Bartłomiej Kleszczewski
0%
Bartłomiej Klimeczek
0%
Bartłomiej Korba
0%
Bartłomiej Kryński
0%
Bartłomiej Kuliś
0%
Bartłomiej Kwieciński
0%
Bartłomiej Magiera
0%
Bartłomiej Maj
0%
Bartłomiej Michał Grabowski
0%
Bartłomiej Migas
0%
Bartłomiej Mucha
0%
Bartłomiej Osmański
0%
Bartłomiej Piasecki
0%
Bartłomiej Profic
0%
Bartłomiej Różański
0%
Bartłomiej Rzeszut
0%
Bartłomiej Socha
0%
Bartłomiej Staruch
0%
Bartłomiej Steliga
0%
Bartłomiej Strzelczyk
0%
Bartłomiej Szczepanik
0%
Bartłomiej Szymański
0%
Bartłomiej Tobiasz
0%
Bartłomiej Wałcerz
0%
Bartłomiej Wróbel
0%
Bartłomiej Zgórski
0%
Bartłomiej Zięba
0%
Bartosz Adamowski
0%
Bartosz Apanasienko
0%
Bartosz Bartocha
0%
Bartosz Bielecki
0%
Bartosz Bosko
0%
Bartosz Burda
0%
Bartosz Burnicki
0%
Bartosz Chmielarski
0%
Bartosz Czyżewski
0%
Bartosz Domagała
0%
Bartosz Dudek
0%
Bartosz Filiński
0%
Bartosz Garbaszewski
0%
Bartosz Gąsiorowski
0%
Bartosz Gawęda
0%
Bartosz Gmurczyk
0%
Bartosz Gorlewicz
0%
Bartosz Górniak
0%
Bartosz Górski
0%
Bartosz Grabowski
0%
Bartosz Gryglewski
0%
Bartosz Grzegorzczyk
0%
Bartosz Ingram
0%
Bartosz Jadacki
0%
Bartosz Jakubczak
0%
Bartosz Janecki
0%
Bartosz Janiszek
0%
Bartosz Jarzyński
0%
Bartosz Jasiewicz
0%
Bartosz Jurczak
0%
Bartosz Kisły
0%
Bartosz Klupa
0%
Bartosz Kotowicz
0%
Bartosz Krasiński
0%
Bartosz Krauze
0%
Bartosz Kuć
0%
Bartosz Kuciel
0%
Bartosz Kuryło
0%
Bartosz Latała
0%
Bartosz Łojek
0%
Bartosz Łuka
0%
Bartosz Łukaszewski
0%
Bartosz Łuszcz
0%
Bartosz Michalik
0%
Bartosz Miecznikowski
0%
Bartosz Młot
0%
Bartosz Ochał
0%
Bartosz Osiecki
0%
Bartosz Osuch
0%
Bartosz Pachała
0%
Bartosz Pacyna
0%
Bartosz Pawłowski
0%
Bartosz Pepliński
0%
Bartosz Płonka
0%
Bartosz Pragacz
0%
Bartosz Repiński
0%
Bartosz Rewers
0%
Bartosz Rudzki
0%
Bartosz Sączek
0%
Bartosz Sędrowski
0%
Bartosz Seweryn
0%
Bartosz Skrzypkowski
0%
Bartosz Skuła
0%
Bartosz Sojka
0%
Bartosz Sokalski-Podkowka
0%
Bartosz Spichalski
0%
Bartosz Sroczyński
0%
Bartosz Stolarczyk
0%
Bartosz Sudek
0%
Bartosz Świtek
0%
Bartosz Szatkowski
0%
Bartosz Szlezier
0%
Bartosz Szymański
0%
Bartosz Tartanus
0%
Bartosz Tys
0%
Bartosz Wlizło
0%
Bartosz Włodarz
0%
Bartosz Zagajski
0%
Bartosz Zaglaniczny
0%
Bartosz Zawiślak
0%
Bazyli Gielniak
0%
Beata Dudzińska
0%
Beniamin Jawoszek
0%
Beniamin Marek
0%
Beniamin Strączek
0%
Benjamin Piekarski
0%
Bernard Jamroz
0%
Bernard Kacprzak
0%
Bernard Olszewski
0%
Błażej Bis
0%
Błażej Chmielecki
0%
Błażej Chojnacki
0%
Błażej Chrząstek
0%
Błażej Knop
0%
Błażej Kociełkiewicz
0%
Błażej Łytkowski
0%
Błażej Mirosław
0%
Błażej Muszyński
0%
Błażej Narloch
0%
Błażej Parada
0%
Błażej Surma
0%
Błażej Szpiech
0%
Błażej Tutka
0%
Błażej Ulacha
0%
Błażej Wójtowicz
0%
Bogdan Damski
0%
Bogdan Sójka
0%
Bogusz Mitas
0%
Borys Bonk
0%
Borys Buczyński
0%
Borys Chojak
0%
Borys Gaćkowski
0%
Borys Krauze
0%
Borys Markwant
0%
Borys Owczarek
0%
Borys Rzetecki
0%
Borys Sobiechowski
0%
Borys Trzeciak
0%
Borys Urbaniak
0%
Borys Żyto
0%
Brajan Talarowski
0%
Brian Cegiełko
0%
Bruno Dej
0%
Bruno Drygas
0%
Bruno Dzierżak
0%
Bruno Gocalinski
0%
Bruno Górski
0%
Bruno Jabłoński
0%
Bruno Karwacki
0%
Bruno Kempiński
0%
Bruno Laskowski
0%
Bruno Myhan
0%
Bruno Obojski
0%
Bruno Sobczyk
0%
Bruno Stys
0%
Celina Zymula
0%
Cezar Roman
0%
Cezary Bączek
0%
Cezary Grzanka
0%
Cezary Jakubowski
0%
Cezary Jasiński
0%
Cezary Kleszczyński
0%
Cezary Mańkowski
0%
Cezary Rozbicki
0%
Cezary Smoliński
0%
Christian Knut
0%
Cohen Brest
0%
Cyprian Czuba
0%
Cyprian Kierski
0%
Cyprian Piech
0%
Cyryl Janicki
0%
Czesław Ożóg-Orzegowski
0%
Czesław Pasoń
0%
Dagmara Dziedzina
0%
Damian Beldegrin
0%
Damian Bucki
0%
Damian Christian Sobiegraj
0%
Damian Czerniakiewicz
0%
Damian Damętka
0%
Damian Deryniowski
0%
Damian Drobiński
0%
Damian Folwarski
0%
Damian Głowacki
0%
Damian Hetmańczyk
0%
Damian Izakiewicz
0%
Damian Kamiński
0%
Damian Kołtek
0%
Damian Kraiński
0%
Damian Magdziarek
0%
Damian Magniszewski
0%
Damian Mecner
0%
Damian Mucha
0%
Damian Nowakowski
0%
Damian Odrzywolski
0%
Damian Rusnarczyk
0%
Damian Skrzypa
0%
Damian Skrzypiec
0%
Damian Sporysz
0%
Damian Szczyry
0%
Damian Szwachła
0%
Damian Szyszka
0%
Damian Toczek
0%
Damian Węgliński
0%
Damian Zapalski
0%
Damian Zaręba
0%
Damian Zawieruszyński
0%
Daniel Bednarski
0%
Daniel Brojerski
0%
Daniel Buczkowski
0%
Daniel Droździel
0%
Daniel Ferreira
0%
Daniel Fortuna
0%
Daniel Gabara
0%
Daniel Gołębiewski
0%
Daniel Górnik
0%
Daniel Hadrian
0%
Daniel Jażdżewski
0%
Daniel Klimowicz
0%
Daniel Kobrzycki
0%
Daniel Kurtz
0%
Daniel Lewandowski
0%
Daniel Miensopust
0%
Daniel Miklas
0%
Daniel Nocoń
0%
Daniel Piwowarski
0%
Daniel Plizga
0%
Daniel Poprawa
0%
Daniel Przymus
0%
Daniel Rolek
0%
Daniel Sawtyruk
0%
Daniel Świetliński
0%
Daniel Sylwestrowicz
0%
Daniel Szot
0%
Daniel Wąchała
0%
Daria Myśliwy
0%
Darius Torres
0%
Dariusz Jaszczyński
0%
Dariusz Kosiński
0%
Dariusz Lubasiński
0%
Dariusz Matczak
0%
Dariusz Oleksy
0%
Dariusz Peta
0%
Dariusz Sus
0%
Dariusz Sztuka
0%
Dariusz Wojnowski
0%
David Kubis
0%
David Rostek
0%
Dawid Adamczyk
0%
Dawid Bałdyga
0%
Dawid Bandosz
0%
Dawid Barański
0%
Dawid Błachowicz
0%
Dawid Boroń
0%
Dawid Buczek
0%
Dawid Centkowski
0%
Dawid Cholewa
0%
Dawid Ciszewski
0%
Dawid Cyno
0%
Dawid Dawidowski
0%
Dawid Domagała
0%
Dawid Dul
0%
Dawid Dziamałek
0%
Dawid Dzienisz
0%
Dawid Filipow
0%
Dawid Frankiewicz
0%
Dawid Gabriel
0%
Dawid Gaćkowski
0%
Dawid Gągoł
0%
Dawid Gałka
0%
Dawid Garbowski
0%
Dawid Gędłek
0%
Dawid Gliklich
0%
Dawid Gołębiowski
0%
Dawid Goleń
0%
Dawid Goszczycki
0%
Dawid Grabowski
0%
Dawid Grobelny
0%
Dawid Grześkowiak
0%
Dawid Grzybek
0%
Dawid Idziak
0%
Dawid Janikowski
0%
Dawid Jasiński
0%
Dawid Jaśkiewicz
0%
Dawid Jęczmionka
0%
Dawid Juraszek
0%
Dawid Kafel
0%
Dawid Kalużny
0%
Dawid Karczyński
0%
Dawid Kasprzak
0%
Dawid Kmak
0%
Dawid Kokociński
0%
Dawid Koniecki
0%
Dawid Kowal
0%
Dawid Kowalczyk
0%
Dawid Kozieł
0%
Dawid Krzyżanowski
0%
Dawid Krzyżek
0%
Dawid Kuszneruk
0%
Dawid Łukasiewicz
0%
Dawid Łukasik
0%
Dawid Luniewski
0%
Dawid Mainusz
0%
Dawid Maksymiuk
0%
Dawid Marciniak
0%
Dawid Matuszczyk
0%
Dawid Maziarski
0%
Dawid Mazurek
0%
Dawid Melnyk
0%
Dawid Nowak
0%
Dawid Olszewski
0%
Dawid Pelko
0%
Dawid Piotrowicz
0%
Dawid Poniatowski
0%
Dawid Rokita
0%
Dawid Sanecki
0%
Dawid Sobkowski
0%
Dawid Sokoliński
0%
Dawid Starczewski
0%
Dawid Stawarz
0%
Dawid Stępniak
0%
Dawid Surażyński
0%
Dawid Suwaj
0%
Dawid Suwala
0%
Dawid Syposz
0%
Dawid Szczurek
0%
Dawid Szyga
0%
Dawid Tryka
0%
Dawid Twardowski
0%
Dawid Tyszer
0%
Dawid Uss
0%
Dawid Węgrzyn
0%
Dawid Wesołek
0%
Dawid Wilczyński
0%
Dawid Wiśniowski
0%
Dawid Wojtyczka
0%
Dawid Wróbel
0%
Dawid Wysocki
0%
Dawid Zachmyc
0%
Dawid Zareba
0%
Dawid Żuraw
0%
Denis Frejtak
0%
Dennis van Enckevort
0%
Diana Górska
0%
Dmytro Polishchuk
0%
Domimik Smagowski
0%
Dominic Maj
0%
Dominika Bojarczyk
0%
Dominika Gajda
0%
Dominika Kasprzyk
0%
Dominika Obara
0%
Dominik Bąbiak
0%
Dominik Balcarek
0%
Dominik Barański
0%
Dominik Baroński
0%
Dominik Borowski
0%
Dominik Borski
0%
Dominik Caus
0%
Dominik Chaja
0%
Dominik Chwiejczak
0%
Dominik Czemerzyński
0%
Dominik Dawidziak
0%
Dominik Dobrzyński
0%
Dominik Dragon
0%
Dominik Dudzisz
0%
Dominik Dzięcioł
0%
Dominik Dzierżek
0%
Dominik Garbulski
0%
Dominik Grzymek
0%
Dominik Hałas
0%
Dominik Jankowski
0%
Dominik Jan Lichota
0%
Dominik Jargieło
0%
Dominik Kaliszewski
0%
Dominik Kauczor
0%
Dominik Krupa
0%
Dominik Łepek
0%
Dominik Lincer
0%
Dominik Mazurek
0%
Dominik Orwat
0%
Dominik Ostas
0%
Dominik Pęciak
0%
Dominik Prochal
0%
Dominik Różacki
0%
Dominik Sasak
0%
Dominik Sęk
0%
Dominik Śledź
0%
Dominik Sliwinski
0%
Dominik Smagowski
0%
Dominik Sobolewski
0%
Dominik Stępień
0%
Dominik Stępniak
0%
Dominik Stryczek
0%
Dominik Szczepański
0%
Dominik Szczurek
0%
Dominik Szmandra
0%
Dominik Tetla
0%
Dominik Tomczyk
0%
Dominik Trebisz
0%
Dominik Wędzina
0%
Dominik Zając
0%
Dominik Zamęcki
0%
Dorian Bajorek
0%
Dorian Lis
0%
Dorota Krasowska
0%
Dorota Łuniewska
0%
Dorota Wiśniewska
0%
Dustin Smela
0%
Dylan Wyrzykowski
0%
Edmund Zygierewicz
0%
Elżbieta Dwornik
0%
Elżbieta Łabaj
0%
Emanuel Heliński
0%
Emanuel Pablo Kolmas
0%
Emanuel Wałach
0%
Emil Adamczyk-Wolny
0%
Emil Dembek
0%
Emil Dolhinko
0%
Emil Drwięga
0%
Emilia Jendruszewska
0%
Emilia Strawa
0%
Emil Labanowicz
0%
Emil Majer
0%
Emil Najjari
0%
Emil Pacan
0%
Emil Pakos
0%
Emil Pilarski
0%
Emil Rusin
0%
Emil Styczyński
0%
Emil Szadziewski
0%
Emil Szybilski
0%
Erik Gierakowski
0%
Ernest Buras
0%
Ernest Jardzioch
0%
Ernest Mizera
0%
Ernest Przychodzki
0%
Erwin Borowiec
0%
Erwin Joks
0%
Eryk Grzechnik
0%
Eryk Haoyan Klimek
0%
Eryk Kopczuk
0%
Eryk Matusiak
0%
Eryk Pieta
0%
Eryk Pytko
0%
Eryk Schroeder
0%
Eryk Strzelichowski
0%
Eryk Sujkowski
0%
Estanislao Guerrero
0%
Ethan Collin Ferreira
0%
Ethan Soliman
0%
Ewa Dziedzic
0%
Ewelina Gołaszewska
0%
Eyleen Kwak
0%
Fabian Dejna
0%
Fabian Feler
0%
Fabian Grzechowiak
0%
Fabian Lepsy
0%
Fabian Machulec
0%
Fabian Mika
0%
Fabian Oleś
0%
Fabian Tadeusz Rak
0%
Fabian Toboła
0%
Fabian Wrzosek
0%
Feliks Kaniecki
0%
Feliks Kubiak
0%
Feliks Majchrzak
0%
Filip Andrzejczuk
0%
Filip Bańdur
0%
Filip Bednarczyk
0%
Filip Bednarz
0%
Filip Bijata
0%
Filip Błaszczyk
0%
Filip Boberski
0%
Filip Borys
0%
Filip Broda
0%
Filip Budzisz
0%
Filip Bułat
0%
Filip Buława
0%
Filip Charchut
0%
Filip Chodziutko
0%
Filip Chudy
0%
Filip Chyliński
0%
Filip Ciećwierz
0%
Filip Cwynar
0%
Filip Czugała
0%
Filip Dąbkowski
0%
Filip Dobruk
0%
Filip Domański
0%
Filip Dopierała
0%
Filip Doroch
0%
Filip Droszcz
0%
Filip Dworak
0%
Filip Flader
0%
Filip Gardas
0%
Filip Goike
0%
Filip Górewicz
0%
Filip Grudzinski
0%
Filip Jagiełłowicz
0%
Filip Janusz
0%
Filip Jernas
0%
Filip Kamiński
0%
Filip Karolewski
0%
Filip Kata
0%
Filip Kiełpiński
0%
Filip Kierzek
0%
Filip Kieszkowski
0%
Filip Klawikowski
0%
Filip Kleczewski
0%
Filip Klocek
0%
Filip Klonowski
0%
Filip Kobus
0%
Filip Kochanowicz
0%
Filip Kończyk
0%
Filip Kosek
0%
Filip Kowalczyk
0%
Filip Krzywik
0%
Filip Kulis
0%
Filip Kwiatkowski
0%
Filip Lenarczyk
0%
Filip Lessnau
0%
Filip Lewicki
0%
Filip Lorenc
0%
Filip Ludwig
0%
Filip Łyczko
0%
Filip Makowski
0%
Filip Maksymiuk
0%
Filip Matczak
0%
Filip Matuszewski
0%
Filip Melanik
0%
Filip Michalak
0%
Filip Mikulski
0%
Filip Orliński
0%
Filip Owsiany
0%
Filip Pąpka
0%
Filip Paturalski
0%
Filip Pawluk
0%
Filip Polinski
0%
Filip Prucnal
0%
Filip Radke
0%
Filip Radys
0%
Filip Rogoś
0%
Filip Rogowski
0%
Filip Skrynnyk
0%
Filip Słowiński
0%
Filip Sowa
0%
Filip Sprawka
0%
Filip Stamirski
0%
Filip Synowiec
0%
Filip Szweda
0%
Filip Szydełko
0%
Filip Szydło
0%
Filip Szymański
0%
Filip Szymczak
0%
Filip Tajs
0%
Filip Tarkowski
0%
Filip Wach
0%
Filip Walczak
0%
Filip Wojtkiewicz
0%
Filip Wójtowicz
0%
Filip Wolarczyk
0%
Filip Wołejko
0%
Filip Wujecki
0%
Filip Załupski
0%
Filip Zdunicz
0%
Filip Ziętek
0%
Florian Karasiewicz
0%
Florian Piechota
0%
Franciszek Bekała
0%
Franciszek Bełtowski
0%
Franciszek Biliński
0%
Franciszek Bosowski
0%
Franciszek Caspari
0%
Franciszek Dembiński
0%
Franciszek Dziemaszkiewicz
0%
Franciszek Foltyński
0%
Franciszek Frysz
0%
Franciszek Fura
0%
Franciszek Galicki
0%
Franciszek Gawlik
0%
Franciszek Goździk
0%
Franciszek Grzymski
0%
Franciszek Guzowski
0%
Franciszek Helik
0%
Franciszek Jasik
0%
Franciszek Jasiok
0%
Franciszek Jaskulski
0%
Franciszek Kłopotowski
0%
Franciszek Kornacki
0%
Franciszek Krężel
0%
Franciszek Krotoszyński
0%
Franciszek Krupinski
0%
Franciszek Krzak
0%
Franciszek Krzekotowski
0%
Franciszek Kubicki
0%
Franciszek Leszczyński
0%
Franciszek Liszewski
0%
Franciszek Maćkiewicz
0%
Franciszek Matusik
0%
Franciszek Micach
0%
Franciszek Mikołajczyk
0%
Franciszek Młodzianowski
0%
Franciszek Pasieczny
0%
Franciszek Piątek
0%
Franciszek Sławecki
0%
Franciszek Śliwa
0%
Franciszek Solga
0%
Franciszek Sołtysik
0%
Franciszek Sośniak
0%
Franciszek Stężała
0%
Franciszek Świrkowski
0%
Franciszek Świtek
0%
Franciszek Syguła
0%
Franciszek Toborowicz
0%
Franciszek Tyła
0%
Franciszek Użarek
0%
Franciszek Wójcik
0%
Franciszek Zawiejski
0%
Franciszka Cybulska
0%
Franek Abramowicz
0%
Franek Bogacz
0%
Franek Jodłowski
0%
Franek Krawczyk
0%
Franek Musiał
0%
Franek Obiała
0%
Franek Pytka
0%
Franek Trzciński
0%
Franek Urbański
0%
Franek Walczak
0%
Franek Wielgomasz
0%
Franek Wrotny
0%
Fryderyk Baś
0%
Fryderyk Milanowski
0%
Gabriela Basek
0%
Gabriela Chudy
0%
Gabriel Antas
0%
Gabriela Walczowska
0%
Gabriela Warecka
0%
Gabriel Buczak
0%
Gabriel Gomułka
0%
Gabriel Jeżewski
0%
Gabriel Koczkodaj
0%
Gabriel Kopciuch
0%
Gabriel Kowalski
0%
Gabriel Majewski
0%
Gabriel Radosz
0%
Gabriel Rut
0%
Gabriel Sierpień
0%
Gabriel Syrek
0%
Gabriel Wójcik
0%
Gabriel Wołodźko
0%
Gabriel Wróbel
0%
Gabriel Zurek
0%
Gaweł Kazimierczuk
0%
Geralt Baturo
0%
Gerard Niewiada
0%
Gilbert Siatkowski
0%
Giovanni Miletti Malarczyk
0%
Gordij Kurbatov
0%
Gracjan Czyżnikiewicz
0%
Gracjan Godlewski
0%
Gracjan Górnowicz
0%
Gracjan Matusik
0%
Gracjan Morski
0%
Gracjan Paciorkowski
0%
Gracjan Sikora
0%
Grzegorz Baiński
0%
Grzegorz Baraniecki
0%
Grzegorz Barański
0%
Grzegorz Baryła
0%
Grzegorz Biliński
0%
Grzegorz Burda
0%
Grzegorz Chrostek
0%
Grzegorz Czarniawski
0%
Grzegorz Drozdowski
0%
Grzegorz Dzikiewicz
0%
Grzegorz Fijałkowski
0%
Grzegorz Grażewicz
0%
Grzegorz Grudzień
0%
Grzegorz Gruszczyk
0%
Grzegorz Grzonka
0%
Grzegorz Grzywna
0%
Grzegorz Jaworski
0%
Grzegorz Kaczorowski
0%
Grzegorz Karasiewicz
0%
Grzegorz Kazana
0%
Grzegorz Lizak
0%
Grzegorz Łucki
0%
Grzegorz Matusz
0%
Grzegorz Mirosław
0%
Grzegorz Moszyk
0%
Grzegorz Mystek
0%
Grzegorz Nazencew
0%
Grzegorz Osierda
0%
Grzegorz Pędzisz
0%
Grzegorz Popławski
0%
Grzegorz Poreda
0%
Grzegorz Prokopczyk
0%
Grzegorz Prusak
0%
Grzegorz Pryjma
0%
Grzegorz Rybiński
0%
Grzegorz Strojnowski
0%
Grzegorz Todor
0%
Grzegorz Woźnica
0%
Grzegorz Wrzosek
0%
Grzegorz Wysopal
0%
Grzegorz Zaborowski
0%
Gustaw Kłosek-Jursz
0%
Gustaw Piecha
0%
Hanna Biernacka
0%
Hanna Bylińska
0%
Hanna Musioł
0%
Hanna Sęk
0%
Helena Cwalina
0%
Helena Kozłowska
0%
Henry Hindhaugh
0%
Henryk Fedorowicz
0%
Henryk Sujak
0%
Honorata Mach
0%
Hubert Besz
0%
Hubert Błaszczyk
0%
Hubert Błonowski
0%
Hubert Cypel
0%
Hubert Doroś
0%
Hubert Frączek
0%
Hubert Gajewski
0%
Hubert Gettler
0%
Hubert Głowacki
0%
Hubert Gontarczyk
0%
Hubert Grocholski
0%
Hubert Hendel
0%
Hubert Janiak
0%
Hubert Kasprzyk
0%
Hubert Kędra
0%
Hubert Kluska
0%
Hubert Knapik
0%
Hubert Kuczyński
0%
Hubert Kusmierzak
0%
Hubert Masłowski
0%
Hubert Mastalerz
0%
Hubert Melchert
0%
Hubert Myjak
0%
Hubert Nicpoń
0%
Hubert Obal
0%
Hubert Ordylowski
0%
Hubert Pyśk
0%
Hubert Ramocki
0%
Hubert Sobczak
0%
Hubert Suchecki
0%
Hubert Surmacz
0%
Hubert Szkutnik
0%
Hubert Wiśniewski
0%
Hubert Wojdak
0%
Hugo Dziemiach
0%
Hung Anh Phan
0%
Ian Szot
0%
Ignacy Bratkowski
0%
Ignacy Cybulski
0%
Ignacy Jagiełło
0%
Ignacy Kandulski
0%
Ignacy Kapturski
0%
Ignacy Kuś
0%
Ignacy Litwin
0%
Ignacy Majewski
0%
Ignacy Matuszek
0%
Ignacy Ostas
0%
Ignacy Ptaszkowski
0%
Ignacy Rymarkiewicz
0%
Ignacy Stencel
0%
Ignacy Synowiecki
0%
Ignacy Szajda
0%
Ignacy Tomczak
0%
Ignacy Turek
0%
Ignacy Zagajewski
0%
Ignacy Zalewski
0%
Igor Barć
0%
Igor Białożyt
0%
Igor Bujko
0%
Igor Chwedoruk
0%
Igor Cynarski
0%
Igor Esz
0%
Igor Farnicki
0%
Igor Ferdek
0%
Igor Feszter
0%
Igor Gierasimiuk
0%
Igor Gurtowski
0%
Igor Kamiński
0%
Igor Kapral
0%
Igor Kawałek
0%
Igor Kiełbratowski
0%
Igor Kornalski
0%
Igor Krzywicki
0%
Igor Legucki
0%
Igor Majchrzak
0%
Igor Mamiński
0%
Igor Marczak
0%
Igor Matysiak
0%
Igor Miśkowiec
0%
Igor Nowak
0%
Igor Osiadacz
0%
Igor Ostrach
0%
Igor Piotrowiak
0%
Igor Podlejski
0%
Igor Popowicz
0%
Igor Śliwczyński
0%
Igor Słowek
0%
Igor Stosz
0%
Igor Szafranek
0%
Igor Szałajko
0%
Igor Urbański
0%
Igor Wawrzeńczak
0%
Igor Wiaderny
0%
Igor Wiśniewski
0%
Igor Wojcieszkiewicz
0%
Igor Wrębel
0%
Igor Żukow
0%
Ilya Fralou
0%
Inga Byrska
0%
Itan Wilczynski
0%
Iwo Dyś
0%
Iwo Jarmużewski
0%
Iwo Krauze
0%
Iwo Ksiazek
0%
Iwo Masłowski
0%
Iwo Nagórny
0%
Iwo Pakieła
0%
Iwo Puiszo
0%
Izabela Hawro
0%
Izabela Siniło
0%
Izabela Stęgowska
0%
Iza Drogosz
0%
Jacek Błaszczyk
0%
Jacek Brończyk
0%
Jacek Dobosz
0%
Jacek Dziurok
0%
Jacek Filip
0%
Jacek Gierasimiuk
0%
Jacek Gołaszewski
0%
Jacek Jarema
0%
Jacek Kuziemski
0%
Jacek Kwiatkowski
0%
Jacek Najmowicz
0%
Jacek Przychodzeń
0%
Jacek Raczyński
0%
Jacek Rupik
0%
Jacek Smolarz
0%
Jacek Urban
0%
Jacek Wiśniewski
0%
Jacek Zarychta
0%
Jacob Kaminski
0%
Jagoda Ambrozik
0%
Jagoda Lotz
0%
Jakub Abramek
0%
Jakub Andrzejak
0%
Jakub Babiński
0%
Jakub Bacela
0%
Jakub Balawejder
0%
Jakub Balicki
0%
Jakub Banach
0%
Jakub Banaś
0%
Jakub Banaszek
0%
Jakub Bancewicz
0%
Jakub Baranek
0%
Jakub Barczykowski
0%
Jakub Bartoszek
0%
Jakub Bazgier
0%
Jakub Bena
0%
Jakub Benkes
0%
Jakub Berkop
0%
Jakub Bochenek
0%
Jakub Bochniak
0%
Jakub Bonarski
0%
Jakub Brejnak
0%
Jakub Brzeziński
0%
Jakub Brzozowski
0%
Jakub Budzynski
0%
Jakub Burak
0%
Jakub Burlikowski
0%
Jakub Cendrowski
0%
Jakub Chmiel
0%
Jakub Chwaściak
0%
Jakub Chyłkowski
0%
Jakub Cisło
0%
Jakub Cook
0%
Jakub Cyrzan
0%
Jakub Cytrowski
0%
Jakub Czapczyński
0%
Jakub Czartowski
0%
Jakub Dąbrowski
0%
Jakub Danilewicz
0%
Jakub Dankiewicz
0%
Jakub Darowski
0%
Jakub Dębowski
0%
Jakub Derezynski
0%
Jakub Dmitruk
0%
Jakub Dobkowski
0%
Jakub Doktór
0%
Jakub Dorociak
0%
Jakub Drynda
0%
Jakub Dudziak
0%
Jakub Dutkiewicz
0%
Jakub Dysarz
0%
Jakub Dźwigacz
0%
Jakub Emilianowicz
0%
Jakub Fedorczyk
0%
Jakub Ferens
0%
Jakub Figa
0%
Jakub Filip
0%
Jakub Filipkowski
0%
Jakub Fiłon
0%
Jakub Fraś
0%
Jakub Furgała
0%
Jakub Fusiecki
0%
Jakub Gałan
0%
Jakub Gałecki
0%
Jakub Galimski
0%
Jakub Gawron
0%
Jakub Gieniul
0%
Jakub Głos
0%
Jakub Godlewski
0%
Jakub Gogolewski
0%
Jakub Gogolok
0%
Jakub Gołaski
0%
Jakub Górski
0%
Jakub Górzyński
0%
Jakub Grabowski
0%
Jakub Gregorczyk
0%
Jakub Grobelny
0%
Jakub Grochowski
0%
Jakub Grunwald
0%
Jakub Grzywaczewski
0%
Jakub Grzywocz
0%
Jakub Gumulak
0%
Jakub Guziel
0%
Jakub Harlender
0%
Jakub Hartmann
0%
Jakub Hebel
0%
Jakub Hejmej
0%
Jakub Hirsch
0%
Jakub Hojda
0%
Jakub Hołoga
0%
Jakub Jacaszek
0%
Jakub Jankowski
0%
Jakub Jarząbek
0%
Jakub Jarzombek
0%
Jakub Jasiuk
0%
Jakub Jaskulski
0%
Jakub Jastrzębski
0%
Jakub Kaczmarczyk
0%
Jakub Kalinowski
0%
Jakub Kamiński
0%
Jakub Kaniewski
0%
Jakub Kasperski
0%
Jakub Kaszuba
0%
Jakub Kępiński
0%
Jakub Kiliańczyk
0%
Jakub Kłeczek
0%
Jakub Komar
0%
Jakub Kominek
0%
Jakub Komorowski
0%
Jakub Kornacki
0%
Jakub Kornaga
0%
Jakub Korpas
0%
Jakub Kozak
0%
Jakub Koziński
0%
Jakub Koziróg
0%
Jakub Kozłowski
0%
Jakub Kozyra
0%
Jakub Kraska
0%
Jakub Krawczyk
0%
Jakub Król
0%
Jakub Kryger
0%
Jakub Kryska
0%
Jakub Krzysiek
0%
Jakub Kucharczyk
0%
Jakub Kucharski
0%
Jakub Kulczyński
0%
Jakub Kuśnierz
0%
Jakub Łączkowski
0%
Jakub Laszczewski
0%
Jakub Leszczyński
0%
Jakub Lewicki
0%
Jakub Lisiecki
0%
Jakub Łój
0%
Jakub Luba
0%
Jakub Macikowski
0%
Jakub Magdziarz
0%
Jakub Maksymilian Wankewyc
0%
Jakub Malczyński
0%
Jakub Mamorski
0%
Jakub Marek
0%
Jakub Marszałkowski
0%
Jakub Matysiak
0%
Jakub Mazurek
0%
Jakub Meller
0%
Jakub Miechowicz
0%
Jakub Mika
0%
Jakub Mironkiewicz
0%
Jakub Miszczuk
0%
Jakub Mittelstaedt
0%
Jakub Młynarski
0%
Jakub Moś
0%
Jakub Mularczyk
0%
Jakub Murawski
0%
Jakub Musiał
0%
Jakub Naja
0%
Jakub Narewski
0%
Jakub Neuman
0%
Jakub Niedochodowicz
0%
Jakub Niksiński
0%
Jakub Nogly
0%
Jakub Nokielski
0%
Jakub Nosek
0%
Jakub Noske
0%
Jakub Ociepka
0%
Jakub Okupniak
0%
Jakub Olejarz
0%
Jakub Oleksiak
0%
Jakub Ostas
0%
Jakub Ostrowski
0%
Jakub Otulak
0%
Jakub Pałczyński
0%
Jakub Pańka
0%
Jakub Pankowski
0%
Jakub Parat
0%
Jakub Parzych
0%
Jakub Paściak
0%
Jakub Pastucha
0%
Jakub Pawlak
0%
Jakub Pędziejewski
0%
Jakub Perżyło
0%
Jakub Piasecki
0%
Jakub Piątek
0%
Jakub Pieliński
0%
Jakub Piernicki
0%
Jakub Pierzchała
0%
Jakub Pietroń
0%
Jakub Pietrzyk
0%
Jakub Pleskacz
0%
Jakub Podgórski
0%
Jakub Pogorzelski
0%
Jakub Pomietło
0%
Jakub Pomykała
0%
Jakub Popenda
0%
Jakub Poślednik
0%
Jakub Potocki
0%
Jakub Prusik
0%
Jakub Purchała
0%
Jakub Radzikowski
0%
Jakub Rosiński
0%
Jakub Różański
0%
Jakub Rymarowicz
0%
Jakub Sałaciński
0%
Jakub Sawicki
0%
Jakub Seemann
0%
Jakub Shahin
0%
Jakub Sheta
0%
Jakub Sieńko
0%
Jakub Sikora
0%
Jakub Sindera
0%
Jakub Sitko
0%
Jakub Skoczylas
0%
Jakub Śladowski
0%
Jakub Śledź
0%
Jakub Soboń
0%
Jakub Sokołowski
0%
Jakub Solarski
0%
Jakub Sołtys
0%
Jakub Sopel
0%
Jakub Srebro
0%
Jakub Sroga
0%
Jakub Stachi
0%
Jakub Stachniak
0%
Jakub Stachura
0%
Jakub Stanek
0%
Jakub Stanuchiewicz
0%
Jakub Stepień
0%
Jakub Straszewski
0%
Jakub Styś
0%
Jakub Sułecki
0%
Jakub Sygit
0%
Jakub Szala
0%
Jakub Szczubełek
0%
Jakub Szpyra
0%
Jakub Szymczak
0%
Jakub Szymczyk
0%
Jakub Szypuła
0%
Jakub Tatarzyn
0%
Jakub Taubler
0%
Jakub Tomala
0%
Jakub Tomaszewski
0%
Jakub Trójca
0%
Jakub Tysiąc
0%
Jakub Ura
0%
Jakub Urbański
0%
Jakub Waliszewski
0%
Jakub Warzecha
0%
Jakub Welcz
0%
Jakub Wesołowski
0%
Jakub Wieczorek
0%
Jakub Wierucki
0%
Jakub Wierzbowski
0%
Jakub Wójcik
0%
Jakub Wojturski
0%
Jakub Wolski
0%
Jakub Woźniak
0%
Jakub Woźnowski
0%
Jakub Wróbel
0%
Jakub Zaczkowski
0%
Jakub Zapart
0%
Jakub Zawiślak
0%
Jakub Zębała
0%
Jakub Żelazny
0%
Jakub Zieniuk
0%
Jakub Zmuda
0%
Jakub Żogała
0%
Jakub Zub
0%
Jan Adamczyk
0%
Jan Alwasiak
0%
Jan Arym
0%
Jan Baliński
0%
Jan Baran
0%
Jan Barys
0%
Jan Bebłot
0%
Jan Bereza
0%
Jan Buchała
0%
Jan Chomiuk
0%
Jan Cichowlas
0%
Jan Cieślar
0%
Jan Curyło
0%
Jan Czałbowski
0%
Jan Czerwiński
0%
Jan Dróżdż
0%
Jan Dywan
0%
Jan Ejchman
0%
Janek Czarnecki
0%
Janek Dziewięcki
0%
Janek Jankowiak
0%
Jan Gąsiorek
0%
Jan Glamowski
0%
Jan Głombiowski
0%
Jan Gnoiński
0%
Jan Gołaszewski
0%
Jan Golec
0%
Jan Górka
0%
Jan Gralec
0%
Jan Granieczny
0%
Jan Gregorczyk
0%
Jan Grzelak
0%
Jan Grzonka
0%
Jan Grzyb
0%
Jan Hanak
0%
Jan Hardejewicz
0%
Jan Horak
0%
Jan Hurnievic
0%
Jan Jabłoński
0%
Jan Jakubowski
0%
Jan Jaroszyński
0%
Jan Jelonkiewicz
0%
Jan Jeschke
0%
Jan Joachimiak
0%
Jan Jucewicz
0%
Jan Jurkiewicz
0%
Jan Kabziński
0%
Jan Kamiński
0%
Jan Kania
0%
Jan Kaniuka
0%
Jan-Kanty Mikosz
0%
Jan Kasperczyk
0%
Jan Kaszczuk
0%
Jan Kisielnicki
0%
Jan Kołaczkowski
0%
Jan Kołaczyk
0%
Jan Koper
0%
Jan Koziński
0%
Jan Krajewski
0%
Jan Kubrat Neczaj-Hruzewicz
0%
Jan Kułak
0%
Jan Kutela
0%
Jan Kwapin
0%
Jan Łaszczyk
0%
Jan Legierski
0%
Jan Łepek
0%
Jan Machalski
0%
Jan Maciukiewicz
0%
Jan Majewski
0%
Jan Mikluszka
0%
Jan Morkowski
0%
Jan Muchowski
0%
Jan Mykhailin
0%
Jan Oleksy
0%
Jan Olszewski
0%
Jan Osikiewicz
0%
Jan Oświecimski
0%
Jan Owczarz
0%
Jan Parzniewski
0%
Jan Pietralski
0%
Jan Pietrzykowski
0%
Jan Piotrowski
0%
Jan Piwiński
0%
Jan Postek
0%
Jan Poźniakow
0%
Jan Przyłucki
0%
Jan Rak
0%
Jan Rehmus
0%
Jan Robel
0%
Jan Rodak
0%
Jan Rogala
0%
Jan Rudnicki
0%
Jan Rydzewski
0%
Jan Ryszard Szewczyk
0%
Jan Sabiniak
0%
Jan Sałkowski
0%
Jan Siółkowski
0%
Jan Skrzat
0%
Jan Skrzypczyk
0%
Jan Slivensky
0%
Jan Śliwka
0%
Jan Śliżewski
0%
Jan Ślusarczyk
0%
Jan Stasiewicz
0%
Jan Strawa
0%
Jan Styka
0%
Jan Syguła
0%
Jan Szalbot
0%
Jan Szaniewski
0%
Jan Szerzyna
0%
Jan Szwedo
0%
Jan Szymczak
0%
Jan Tatoń
0%
Jan Teleszko
0%
Jan Tokarz
0%
Jan Tucharz
0%
Jan Tukendorf
0%
Janusz Antos
0%
Janusz Gajda
0%
Janusz Trzepizur
0%
Jan Walkiewicz
0%
Jan Werpachowski
0%
Jan Wierczek
0%
Jan Włodarczak
0%
Jan Ząbkiewicz
0%
Jan Zagórski
0%
Jan Zakrzewski
0%
Jan Zawistowski
0%
Jan Zdunkiewicz
0%
Jarek Orzeł
0%
Jarosław Dulewicz
0%
Jarosław Grzesiak
0%
Jarosław Krawczyk
0%
Jarosław Krzyżanowski
0%
Jarosław Orzeł
0%
Jarosław Pituła
0%
Jarosław Śmietana
0%
Jarosław Szwajkosz
0%
Jarosław Wójcik
0%
Jarosław Zięcik
0%
Javier Nicolas Spytkowski
0%
Jędrek Kissell
0%
Jędrzej Gier
0%
Jędrzej Gradziński
0%
Jędrzej Majdan
0%
Jędrzej Mikołajczak
0%
Jędrzej Olszewski
0%
Jedrzej Skoczek
0%
Jędrzej Sznajdrowski
0%
Jędrzej Wachowiak
0%
Jeremiasz Pawluk
0%
Jeremiasz Szopski
0%
Jeremiasz Zaborowski
0%
Jeremi Augustyniak
0%
Jeremi Jendrzejewski
0%
Jeremi Krawiec
0%
Jeremi Wójcik
0%
Jerzy Kozłowski
0%
Jerzy Kraszewski
0%
Jerzy Major
0%
Jerzy Trčka
0%
Jerzy Wszołek
0%
Joachim Więckowski
0%
Joanna Baginska
0%
Joanna Bielak
0%
Joanna Ciałoń
0%
Joanna Dawidziuk
0%
Joanna Karaszewska
0%
Joanna Kołacka
0%
Joanna Rogowska
0%
Jonasz Passini
0%
Jonatan Hrynko
0%
Jonatan Papuzynski
0%
Józef Pietrucha
0%
Józef Reszka
0%
Józef Wański
0%
Julia Bober
0%
Julia Budz
0%
Julia Cichoń
0%
Julia Drewniok
0%
Julia Honisz
0%
Julia Jabłoniec
0%
Julia Kowalczyk
0%
Julia Marczak
0%
Julia Natkańska
0%
Julian Bonowicz
0%
Julian Dereń
0%
Julian Gładki
0%
Julian Jeżyk
0%
Julian Koczewski
0%
Julian Latko
0%
Julian Lenard
0%
Julian Linard
0%
Julian Malinowski
0%
Julian Mikuta
0%
Julianna Makowska
0%
Julian Pogonowski
0%
Julian Rybczyński
0%
Julian Sinka
0%
Julian Wasilewski
0%
Julian Wiśniewski
0%
Julia Owczarz
0%
Julia Sposób
0%
Julia Stróżyk
0%
Julia Wesołowska
0%
Julia Wojciechowska
0%
Julita Chmielewska
0%
Juliusz Adamowicz
0%
Juliusz Bełtowski
0%
Juliusz Majchrzak
0%
Kacper Bański
0%
Kacper Bendig
0%
Kacper Bondos
0%
Kacper Borkowski
0%
Kacper Bujak
0%
Kacper Bukowski
0%
Kacper Burzynski
0%
Kacper Chlebosz
0%
Kacper Ciepły
0%
Kacper Ćwik
0%
Kacper Czapla
0%
Kacper Czerwiński
0%
Kacper Czuchryta
0%
Kacper Dawid
0%
Kacper Dobkowski
0%
Kacper Domański
0%
Kacper Donecki
0%
Kacper Drachal
0%
Kacper Dudek
0%
Kacper Dziubek
0%
Kacper Gajewski
0%
Kacper Gałczyk
0%
Kacper Glinkowski
0%
Kacper Glszczyński
0%
Kacper Gomoła
0%
Kacper Górski
0%
Kacper Grabelus
0%
Kacper Gręda
0%
Kacper Gruschka
0%
Kacper Grzeda
0%
Kacper Gut
0%
Kacper Gutowski
0%
Kacper Gwizdała
0%
Kacper Hinz
0%
Kacper Holewik
0%
Kacper Horajski
0%
Kacper Jach
0%
Kacper Janiak
0%
Kacper Janiszewski
0%
Kacper Jaryniuk
0%
Kacper Jastrzębski
0%
Kacper Jędruchów
0%
Kacper Jucha
0%
Kacper Kądzielawa
0%
Kacper Karpierz
0%
Kacper Kisielewski
0%
Kacper Kłos
0%
Kacper Kłosek
0%
Kacper Kobylański
0%
Kacper Kohut
0%
Kacper Konicki
0%
Kacper Kopaczewski
0%
Kacper Kosmala
0%
Kacper Kowalkowski
0%
Kacper Krawczyk
0%
Kacper Kryszak
0%
Kacper Krzywonos
0%
Kacper Kulbarsz
0%
Kacper Kulczak
0%
Kacper Kupczak
0%
Kacper Kusiński
0%
Kacper Kuźniak
0%
Kacper Kwasow
0%
Kacper Lauk
0%
Kacper Libuszowski
0%
Kacper Lichołat
0%
Kacper Lietz
0%
Kacper Lizoń
0%
Kacper Łukomski
0%
Kacper Mąkosa
0%
Kacper Makowski
0%
Kacper Marcisz
0%
Kacper Marek
0%
Kacper Marek Kamiński
0%
Kacper Markiewicz
0%
Kacper Matuszyński
0%
Kacper Matyszewski
0%
Kacper Mazurkiewicz
0%
Kacper Mejgier
0%
Kacper Mendocha
0%
Kacper Migacz
0%
Kacper Milczyński
0%
Kacper Misiaszek
0%
Kacper Mol
0%
Kacper Mostowik
0%
Kacper Nawrocki
0%
Kacper Obal
0%
Kacper Olchowik
0%
Kacper Olejnik
0%
Kacper Olszowski
0%
Kacper Onufrzak
0%
Kacper Ościłowski
0%
Kacper Pachut
0%
Kacper Pałka
0%
Kacper Pamuła
0%
Kacper Pawluk
0%
Kacper Piątek
0%
Kacper Przełożny
0%
Kacper Przybylski
0%
Kacper Ptaszyński
0%
Kacper Rączka
0%
Kacper Ryś
0%
Kacper Rzepecki
0%
Kacper Sadowski
0%
Kacper Serafin
0%
Kacper Sikorski
0%
Kacper Sitniczuk
0%
Kacper Skiba
0%
Kacper Ślęzak
0%
Kacper Smolarek
0%
Kacper Sokołowski
0%
Kacper Sosnowski
0%
Kacper Sowa
0%
Kacper Studenny
0%
Kacper Surma
0%
Kacper Szczypta
0%
Kacper Szmańda
0%
Kacper Szumigaj
0%
Kacper Szydłowski
0%
Kacper Szymczak
0%
Kacper Tarkowski
0%
Kacper Terlecki
0%
Kacper Tomczyk
0%
Kacper Toruński
0%
Kacper Ufel
0%
Kacper Uryniuk
0%
Kacper Wandoch
0%
Kacper Wereskla
0%
Kacper Wiechoczek
0%
Kacper Wilamowski
0%
Kacper Wiśniewski
0%
Kacper Wybrański
0%
Kacper Zborowski
0%
Kacper Zieliński
0%
Kajetan Dudkiewicz
0%
Kajetan Filip Jaroć
0%
Kajetan Kaczmarczyk
0%
Kajetan Karwowski
0%
Kajetan Kątny
0%
Kajetan Kuczyński
0%
Kajetan Lebiedziński
0%
Kajetan Raszeja
0%
Kajetan Rychel
0%
Kajetan Szmyd
0%
Kajetan Urbański
0%
Kajtek Fiałkowski
0%
Kamila Chwaściak
0%
Kamila Kostuś
0%
Kamila Maliszewska
0%
Kamil Antkiewicz
0%
Kamil Augustyn
0%
Kamil Bartczak
0%
Kamil Bartocha
0%
Kamil Bartosiak
0%
Kamil Bednorz
0%
Kamil Bijata
0%
Kamil Bitowt
0%
Kamil Bizoń
0%
Kamil Chorzelewski
0%
Kamil Chrypliwy
0%
Kamil Ciapała
0%
Kamil Czepiec
0%
Kamil Dańczyszyn
0%
Kamil Drężek
0%
Kamil Dybała
0%
Kamil Gawlik
0%
Kamil Gawron
0%
Kamil Glanowski
0%
Kamil Górski
0%
Kamil Grabowski
0%
Kamil Guz
0%
Kamil Henkelman
0%
Kamil Inglot
0%
Kamil Janiczek
0%
Kamil Jankiewicz-Cieszyński
0%
Kamil Kaczmarek
0%
Kamil Kaczorowski
0%
Kamil Kazimierczak
0%
Kamil Kęska
0%
Kamil Kida
0%
Kamil Kochan
0%
Kamil Kołodziejczyk
0%
Kamil Kołodziejski
0%
Kamil Kowalik
0%
Kamil Krząstek
0%
Kamil Kulka
0%
Kamil Kuzio
0%
Kamil Kwaśniewski
0%
Kamil Legowski
0%
Kamil Leszewicz
0%
Kamil Lisiecki
0%
Kamil Maroń
0%
Kamil Miński
0%
Kamil Mocek
0%
Kamil Olaszewski
0%
Kamil Olesz
0%
Kamil Pajączkowski
0%
Kamil Parchański
0%
Kamil Pawłowski
0%
Kamil Pietras
0%
Kamil Podgarbi
0%
Kamil Polkowski
0%
Kamil Prokopowicz
0%
Kamil Przeliorz
0%
Kamil Pytel
0%
Kamil Rajwa
0%
Kamil Romanowski
0%
Kamil Rozmus
0%
Kamil Salamon
0%
Kamil Ścisłowicz
0%
Kamil Sikora
0%
Kamil Stanisz
0%
Kamil Strojny
0%
Kamil Szachniewicz
0%
Kamil Szczygielski
0%
Kamil Szymański
0%
Kamil Went
0%
Kamil Wenta
0%
Kamil Witek
0%
Kamil Wojtysiak
0%
Kamil Wyrostkiewicz
0%
Kamil Zelent-Lipiński
0%
Karol Bątorek
0%
Karol Bezimienny
0%
Karol Boniecki
0%
Karol Bubiłek
0%
Karol Celmer
0%
Karol Chlebiński
0%
Karol Cichor
0%
Karol Czajkowski
0%
Karol Czołpiński
0%
Karol Domański
0%
Karol Dydak
0%
Karol Dzięgielewski
0%
Karol Fiałkowski
0%
Karol Głodała
0%
Karol Gołofit
0%
Karol Góralski
0%
Karol Gryszka
0%
Karolina Bembennek
0%
Karolina Bogdanowicz
0%
Karolina Jewiarz
0%
Karolina Kaźmierczak
0%
Karolina Kozłowska
0%
Karolina Pakuła
0%
Karolina Szarota
0%
Karolina Załucka-Dąbrowska
0%
Karolis Matulevicius
0%
Karol Jackowski
0%
Karol Jagielak
0%
Karol Jagiełło
0%
Karol Jeżewski
0%
Karol Jurewicz
0%
Karol Kaziród
0%
Karol Kędzierski
0%
Karol Kępa
0%
Karol Kocurek
0%
Karol Koenig
0%
Karol Kołakowski
0%
Karol Konopka
0%
Karol Korszun
0%
Karol Kościelny
0%
Karol Kot
0%
Karol Kotarski
0%
Karol Kowalski
0%
Karol Krolczuk
0%
Karol Łaszewski
0%
Karol Łątkowski
0%
Karol Mazur
0%
Karol Nieciecki
0%
Karol Orłowski
0%
Karol Orszulik
0%
Karol Osiecki
0%
Karol Ostapiński
0%
Karol Pałosz
0%
Karol Papis
0%
Karol Pawlak
0%
Karol Płochaja
0%
Karol Pobiarżyn
0%
Karol Poniedzielnik
0%
Karol Przedwojewski
0%
Karol Przewięźlikowski
0%
Karol Puziuk
0%
Karol Radomski
0%
Karol Sabaj
0%
Karol Skorupiński
0%
Karol Sochan
0%
Karol Stanula
0%
Karol Stefański
0%
Karol Szczepański
0%
Karol Szczypek
0%
Karol Szerafin
0%
Karol Szostak
0%
Karol Szymanowski
0%
Karol Tomaszewski
0%
Karol Trykacz
0%
Karol Waszczuk
0%
Karol Wojciech Wrona
0%
Karol Wróblewski
0%
Karol Wykręt
0%
Karol Zaborski
0%
Karol Zaucha
0%
Karol Zębala
0%
Karol Zieliński
0%
Karol Ziomka
0%
Kasper Bilski
0%
Kasper Ochwat
0%
Katarzyna Bogacz
0%
Katarzyna Brzezińska
0%
Katarzyna Domańska
0%
Katarzyna Gołębiewska
0%
Katarzyna Gruszka
0%
Katarzyna Michalska
0%
Katarzyna Pudełko
0%
Katarzyna Skrobot
0%
Katarzyna Włoszek
0%
Kazeo Kazimierz Hada
0%
Kinga Klonowska
0%
Kinga Lemańska
0%
Kinga Niewiadomska
0%
Kinga Rybak
0%
Kinga Wypych
0%
Klaudia Grabowska
0%
Klaudia Wołoszyk
0%
Klaudiusz Cieszyński
0%
Klaudiusz Gromnica
0%
Klaudiusz Suchecki
0%
Klaudiusz Ziemek
0%
Konrad Błażejczyk
0%
Konrad Chromow
0%
Konrad Częszak
0%
Konrad Czudej
0%
Konrad Dobosz
0%
Konrad Dudek
0%
Konrad Dzik
0%
Konrad Golec
0%
Konrad Kowalski
0%
Konrad Kozioł
0%
Konrad Kozłowski
0%
Konrad Kryński
0%
Konrad Lonca
0%
Konrad Majewski
0%
Konrad Makowski
0%
Konrad Marciniak
0%
Konrad Okarmus
0%
Konrad Pajączek
0%
Konrad Paszewski
0%
Konrad Paterek
0%
Konrad Puchalski
0%
Konrad Sikora
0%
Konrad Sobczak
0%
Konrad Stawski
0%
Konrad Szczurek
0%
Konrad Szpilowski
0%
Konrad Waliszewski
0%
Konrad Warmusz
0%
Konrad Waszczuk
0%
Konrad Winczewski
0%
Konrad Woliński
0%
Konrad Żak
0%
Konrad Zuziak
0%
Konstanty Dzióba
0%
Konstanty Pruski
0%
Konstanty Sawicki
0%
Konstanty Wartecki
0%
Kordian Błaszczyk
0%
Kordian Werner
0%
Kornelia Michałowska
0%
Kornelia Zając
0%
Korneliusz Lewicki
0%
Korneliusz Tombarkiewicz
0%
Kornel Leib
0%
Kornel Nowak
0%
Kornel Pędzisz
0%
Kornel Walczak
0%
Kosma Godziek
0%
Kosma Puszkiewicz
0%
Kryspin Gajda
0%
Krystian Banaszak
0%
Krystian Chodkowski
0%
Krystian Dobrowolski
0%
Krystian Domagała
0%
Krystian Jasiński
0%
Krystian Kalicki
0%
Krystian Kaminski
0%
Krystian Kołodziej
0%
Krystian Kuźniewski
0%
Krystian Lauchstaedt
0%
Krystian Łaziński
0%
Krystian Madej
0%
Krystian Malczyński
0%
Krystian Mikołajczak
0%
Krystian Potoczak
0%
Krystian Sporysz
0%
Krystian Staszewski
0%
Krystian Święch
0%
Krystian Wieczerzak
0%
Krystian Wielis
0%
Krzesimir Jaszke
0%
Krzysiek Hernik
0%
Krzysiek Pradela
0%
Krzysztof Antonowicz
0%
Krzysztof Babis
0%
Krzysztof Bohm
0%
Krzysztof Boryczko
0%
Krzysztof Bruski
0%
Krzysztof Butowski
0%
Krzysztof Całka
0%
Krzysztof Cichy
0%
Krzysztof Czarnota
0%
Krzysztof Człowiński
0%
Krzysztof Czuraj
0%
Krzysztof Dawidowicz
0%
Krzysztof Dec
0%
Krzysztof Dembiński
0%
Krzysztof Drapikowski
0%
Krzysztof Drobiński
0%
Krzysztof Dziewicki
0%
Krzysztof Dźwierzyński
0%
Krzysztof Filianowicz
0%
Krzysztof Golenia
0%
Krzysztof Górski
0%
Krzysztof Gosławski
0%
Krzysztof Jacewicz
0%
Krzysztof Jan Bonowicz
0%
Krzysztof Jaskuła
0%
Krzysztof Jendruszewski
0%
Krzysztof Jermak
0%
Krzysztof Jurgiełajtis
0%
Krzysztof Kacprzak
0%
Krzysztof Kaczmarzyk
0%
Krzysztof Kamiński
0%
Krzysztof Karczewski
0%
Krzysztof Kiczela
0%
Krzysztof Koczur
0%
Krzysztof Kołba
0%
Krzysztof Kożdoń
0%
Krzysztof Krasoń
0%
Krzysztof Krężelok
0%
Krzysztof Kwaśniok
0%
Krzysztof Łazarczyk
0%
Krzysztof Łękarski
0%
Krzysztof Leśniak
0%
Krzysztof Ligarski
0%
Krzysztof Lis
0%
Krzysztof Lorek
0%
Krzysztof Łyjak
0%
Krzysztof Łysik
0%
Krzysztof Michalski
0%
Krzysztof Modrzejewski
0%
Krzysztof Necel
0%
Krzysztof Omelianiuk
0%
Krzysztof Opalski
0%
Krzysztof Ossera
0%
Krzysztof Otczyk
0%
Krzysztof Pedrycz
0%
Krzysztof Pelczarski
0%
Krzysztof Potrykus
0%
Krzysztof Prażmo
0%
Krzysztof Puchalski
0%
Krzysztof Putra
0%
Krzysztof Rożałowski
0%
Krzysztof Rybarczyk
0%
Krzysztof Sawicki
0%
Krzysztof Siwek
0%
Krzysztof Ślusarski
0%
Krzysztof Sobczak
0%
Krzysztof Solga
0%
Krzysztof Struś
0%
Krzysztof Styrczula
0%
Krzysztof Suliński
0%
Krzysztof Szwarc
0%
Krzysztof Szymanek
0%
Krzysztof Tomczyk
0%
Krzysztof Tusiński
0%
Krzysztof Wawrzyniak
0%
Krzysztof Widenka
0%
Krzysztof Wojewoda
0%
Krzysztof Wojtyła
0%
Krzysztof Wołowik
0%
Krzysztof Wyszomierski
0%
Krzysztof Zając
0%
Ksawery Bartman
0%
Ksawery Gomułka
0%
Ksawery Przyłęcki
0%
Ksawery Sadlo
0%
Kuba Abramek
0%
Kuba Adamczyk
0%
Kuba Błasiak
0%
Kuba Bławat
0%
Kuba Drzewicki
0%
Kuba Koperek
0%
Kuba Kowalczyk
0%
Kuba Kwaśniewski
0%
Kuba Nowakowski
0%
Kuba Nowotniak
0%
Kuba Sawicki-Kulik
0%
Kuba Szewczyk
0%
Kuba Wierciński
0%
Kuba Winiarski
0%
Kuba Witczak
0%
Lars Ryszard Bubela
0%
Laura Dawidiak
0%
Laura Ładyńska
0%
Laura Popiołek
0%
Lech Grala
0%
Lena Duszyńska
0%
Lena Jonaszek
0%
Lena Ozga
0%
Lena Piękosz-Grabowska
0%
Lena Zaworska
0%
Leon Belczak
0%
Leon Bertling
0%
Leon Białkowski
0%
Leon Dudek
0%
Leon Gajdowski
0%
Leon Grudzień
0%
Leon Jakub Wyrobek
0%
Leon Józefiak
0%
Leon Kłeczek
0%
Leon Korzeniewski
0%
Leon Lubocki
0%
Leon Malarski
0%
Leon Mańkowski
0%
Leon Piecha
0%
Leon Pisarik
0%
Leon Sied
0%
Leon Strenciwilk
0%
Leon Weder
0%
Leon Wrutniak
0%
Leon Wrzos
0%
Leopold Sayawaki-Kogut
0%
Leszek Czech
0%
Leszek Miętki
0%
Leu Pratasenia
0%
Liam Gabriel Winiarski
0%
Liam Stuart Ferreira
0%
Liliana Dziwulska
0%
Liliana Zastawna
0%
Lilianna Klupa
0%
Lilianna Rydlewska
0%
Lilianna Samselska
0%
Lubomir Fronc
0%
Lucky Nihalani
0%
Ludwik Bawor
0%
Ludwik Śledź
0%
Ludwik Stefanis
0%
Ludwik Wronowski
0%
Luiza Basa
0%
Łukasz Andrzejczyk
0%
Łukasz Baryliszyn
0%
Łukasz Boczek
0%
Łukasz Bogobowicz
0%
Łukasz Borówka
0%
Łukasz Brynkus
0%
Łukasz Burchard
0%
Łukasz Cysewski
0%
Łukasz Czuba
0%
Łukasz Czysz
0%
Łukasz Drozd
0%
Łukasz Dyszy
0%
Łukasz Dzius
0%
Łukasz Gębicz
0%
Łukasz Godlewski
0%
Łukasz Gondek
0%
Łukasz Gorczyca
0%
Łukasz Jachimiak
0%
Łukasz Jędrzejak
0%
Łukasz Kamiński
0%
Łukasz Kasprzak
0%
Łukasz Kiciński
0%
Łukasz Kita
0%
Łukasz Klimkiewicz
0%
Łukasz Komada
0%
Łukasz Kosiorek
0%
Łukasz Kosz
0%
Łukasz Kozioł
0%
Łukasz Kroczek
0%
Łukasz Kruczkowski
0%
Łukasz Łach
0%
Łukasz Laskowski
0%
Łukasz Lepko
0%
Łukasz Lipski
0%
Łukasz Lisiecki
0%
Łukasz Lubojański
0%
Łukasz Łyskawy
0%
Łukasz Maryniak
0%
Łukasz Michalik
0%
Łukasz Nakonieczny
0%
Łukasz Olesiak
0%
Łukasz Opałka
0%
Łukasz Pasławski
0%
Łukasz Paździora
0%
Łukasz Piecek
0%
Łukasz Pielczyk
0%
Łukasz Rosiński
0%
Łukasz Sadownik
0%
Łukasz Siara
0%
Łukasz Skabowski
0%
Łukasz Ślimok
0%
Łukasz Staśko
0%
Łukasz Stępień
0%
Łukasz Stwora
0%
Łukasz Świderski
0%
Łukasz Świętochowski
0%
Łukasz Szadowski
0%
Łukasz Szczubełek
0%
Łukasz Tomaszewski
0%
Łukasz Tyrlik
0%
Łukasz Wieleszczyk
0%
Łukasz Witkowski
0%
Łukasz Wołowiec
0%
Łukasz Wrzesiński
0%
Łukasz Żaczek
0%
Łukasz Zagrol
0%
Łukasz Zalewski
0%
Lyon Kwak
0%
Maciej Bąk
0%
Maciej Baster
0%
Maciej Będziński
0%
Maciej Biczysko
0%
Maciej Bronk
0%
Maciej Brzeziński
0%
Maciej Cempa
0%
Maciej Cendecki
0%
Maciej Chodakowski
0%
Maciej Chołołowicz
0%
Maciej Choma
0%
Maciej Chwastowski
0%
Maciej Cylkowski
0%
Maciej Dobosz
0%
Maciej Domagała
0%
Maciej Domagalski
0%
Maciej Domżała
0%
Maciej Dziwoki
0%
Maciej Etmański
0%
Maciej Filipiak
0%
Maciej Fronczak
0%
Maciej Gajewski
0%
Maciej Gałczyk
0%
Maciej Gęsicki
0%
Maciej Gomulski
0%
Maciej Guszczak
0%
Maciej Handzel
0%
Maciej Jagiełło
0%
Maciej Kaczmarek
0%
Maciej Kardynał
0%
Maciej Kasperski
0%
Maciej Kawiński
0%
Maciej Kierdelewicz
0%
Maciej Kijanowski
0%
Maciej Kluj
0%
Maciej Kołek
0%
Maciej Konopka
0%
Maciej Konstanty
0%
Maciej Koral
0%
Maciej Korpak
0%
Maciej Krawczyk
0%
Maciej Krystecki
0%
Maciej Krysztofiak
0%
Maciej Książkiewicz
0%
Maciej Kucharczyk
0%
Maciej Łatka
0%
Maciej Ligenza
0%
Maciej Ludwig
0%
Maciej Majka
0%
Maciej Mirowski
0%
Maciej Mituła
0%
Maciej Murawski
0%
Maciej Neubauer
0%
Maciej Niedźwiadek
0%
Maciej Okolus
0%
Maciej Ołowski
0%
Maciej Pająk
0%
Maciej Papkoj
0%
Maciej Pawłowski
0%
Maciej Pędziwiatr
0%
Maciej Peret
0%
Maciej Piasecki
0%
Maciej Pluta
0%
Maciej Polak
0%
Maciej Polkowski
0%
Maciej Popenda
0%
Maciej Prosowski
0%
Maciej Rogut
0%
Maciej Roś
0%
Maciej Rybak
0%
Maciej Rybiński
0%
Maciej Rymarz
0%
Maciej Sadowski
0%
Maciej Sanecki
0%
Maciej Skoczeń
0%
Maciej Śmichowicz
0%
Maciej Solakiewicz
0%
Maciej Sołtysiak
0%
Maciej Suchocki
0%
Maciej Suliński
0%
Maciej Świącik
0%
Maciej Świerkula
0%
Maciej Świetliński
0%
Maciej Szpiech
0%
Maciej Tybuś
0%
Maciej Urbański
0%
Maciej Walasik
0%
Maciej Widziński
0%
Maciej Wilczyński
0%
Maciej Winter
0%
Maciej Wiśniewski
0%
Maciej Wojtkiewicz
0%
Maciej Wolny
0%
Maciej Wrona
0%
Maciej Zaleski
0%
Maciej Zalewski
0%
Maciej Zawiejski
0%
Maciej Zduńczyk
0%
Maciej Zieliński
0%
Maciej Ziółkowski
0%
Maciek Bik
0%
Maciek Jabłoński
0%
Maciek Łapa
0%
Maciek Moćko
0%
Maciek Polewiak
0%
Magda Gancarz
0%
Magda Kalużna
0%
Magdalena Burnicka
0%
Magdalena Chrostek
0%
Magdalena Golenia
0%
Magdalena Malepszak
0%
Magdalena Mendel
0%
Magdalena Michałek
0%
Magdalena Ochnik
0%
Magdalena Olbromska
0%
Magdalena Rusek
0%
Magdalena Stylok
0%
Magda Malepszak
0%
Maja Drozd
0%
Maja Gawrońska
0%
Maja Grodzka
0%
Maja Łozowicka
0%
Maja Michalczyk
0%
Maja Obarzanek
0%
Maja Olszewska
0%
Maja Pakulska
0%
Maja Palczewska
0%
Maja Rożek
0%
Maja Sala
0%
Maja Samborska
0%
Maja Serafin
0%
Maja Wacławek
0%
Maja Warchoł
0%
Maja Zalesińska
0%
Maks Drobniewski
0%
Maks Lemieszonek
0%
Maks Murawski
0%
Maks Och
0%
Maks Owczarz
0%
Maks Świtoński
0%
Maks Szulc
0%
Maksym Beksiak
0%
Maksym Czarniecki
0%
Maksymilian Bania
0%
Maksymilian Biruk
0%
Maksymilian Chmiel
0%
Maksymilian Dyląg
0%
Maksymilian Fiołka
0%
Maksymilian Formela
0%
Maksymilian Gach
0%
Maksymilian Godula
0%
Maksymilian Górski
0%
Maksymilian Jankowski
0%
Maksymilian Komarnicki
0%
Maksymilian Kowalewski
0%
Maksymilian Krumholz
0%
Maksymilian Kupczak
0%
Maksymilian Kurczewski
0%
Maksymilian Kurowski
0%
Maksymilian Kurzak
0%
Maksymilian Majer
0%
Maksymilian Makowski
0%
Maksymilian Makulski
0%
Maksymilian Matląg
0%
Maksymilian Mazur
0%
Maksymilian Mizerka
0%
Maksymilian Mróz
0%
Maksymilian Musiałowicz
0%
Maksymilian Nakonieczny
0%
Maksymilian Nowok
0%
Maksymilian Nykiel
0%
Maksymilian Osiowski
0%
Maksymilian Raczek
0%
Maksymilian Relewicz-Jankowski
0%
Maksymilian Rydzewski
0%
Maksymilian Sęk
0%
Maksymilian Sobański
0%
Maksymilian Sokołowski
0%
Maksymilian Starzak
0%
Maksymilian Stokłosa
0%
Maksymilian Świeca
0%
Maksymilian Szewczyk
0%
Maksymilian Szymczyk
0%
Maksymilian Szyszko
0%
Maksymilian Tachasiuk
0%
Maksymilian Taszycki
0%
Maksymilian Wiśniewski
0%
Maksymilian Wojda
0%
Maksymilian Wojnar
0%
Maksymilian Wolszlegier
0%
Maksymilian Woszczyk
0%
Maksymilian Wróblewski
0%
Maksymilian Wrzosek
0%
Maksymilian Zeszutek
0%
Maksymilian Zimoch
0%
Maksymilian Żurawski
0%
Maksym Kubica
0%
Maksym Małek
0%
Małgorzata Gregorek
0%
Małgorzata Racis
0%
Małgorzata Wójtowicz
0%
Malwina Szopińska
0%
Marcel Borkowski
0%
Marcel Bruna
0%
Marcel Buchta
0%
Marcel Całka
0%
Marcel Czop
0%
Marcel Frasz
0%
Marcel Gałuza
0%
Marcel Gąsiorowski
0%
Marcel Gustaw
0%
Marceli Bartosiewicz
0%
Marceli Hałucha
0%
Marcelina Strachanowska
0%
Marceli Wasek
0%
Marceli Wieczorek
0%
Marcel Kamiński
0%
Marcel Król
0%
Marcel Krupa
0%
Marcel Luszowski
0%
Marcel Malczyński
0%
Marcel Masłowski
0%
Marcel Norwa
0%
Marcel Nowakowski
0%
Marcel Rutkowski
0%
Marcel Smętkowski
0%
Marcel Śmigrocki
0%
Marcel Sobecki
0%
Marcel Spyra
0%
Marcel Tereszkiewicz
0%
Marcel Wenka
0%
Marcel Wójcik
0%
Marcel Zych
0%
Marcin Augustynowicz
0%
Marcin Chojak
0%
Marcin Chudy
0%
Marcin Ciporski
0%
Marcin Ciszek
0%
Marcin Cyparski
0%
Marcin Delkowski
0%
Marcin Dudek
0%
Marcin Dudziak
0%
Marcin Dwornik
0%
Marcin Frontczak
0%
Marcin Gawęda
0%
Marcin Gzik
0%
Marcin Helowicz
0%
Marcin Jawor
0%
Marcin Kapij
0%
Marcin Karczmarz
0%
Marcin Kardasz
0%
Marcin Karnicki
0%
Marcin Kiel
0%
Marcin Klinke
0%
Marcin Kornacki
0%
Marcin Kostrzewa
0%
Marcin Krzewiński
0%
Marcin Kupis
0%
Marcin Lampka
0%
Marcin Łatacz
0%
Marcin Lisiecki
0%
Marcin Łojek
0%
Marcin Łukasik
0%
Marcin Łukasiuk
0%
Marcin Macierzanka
0%
Marcin Miszewski
0%
Marcin Mordaka
0%
Marcin Nowak
0%
Marcin Osuch
0%
Marcin Pach
0%
Marcin Pieńkowski
0%
Marcin Płosa
0%
Marcin Popławski
0%
Marcin Potoczny
0%
Marcin Rakowski
0%
Marcin Sasinowski
0%
Marcin Sołtan
0%
Marcin Sroczyński
0%
Marcin Świdnicki
0%
Marcin Szacki
0%
Marcin Szczepaniak
0%
Marcin Szymecki
0%
Marcin Warkocz
0%
Marcin Wenecki
0%
Marcin Wieczorek
0%
Marcin Włodarczak
0%
Marcin Wojtal
0%
Marcin Zmysłowski
0%
Marcjan Klimek
0%
Marco Paragas
0%
Marek Bednarz
0%
Marek Binioszek
0%
Marek Brandt
0%
Marek Chmielowski
0%
Marek Gancarz
0%
Marek Juroszek
0%
Marek Kleszcz
0%
Marek Kolecki
0%
Marek Komorowski
0%
Marek Lubas
0%
Marek Makarewicz
0%
Marek Miąso
0%
Marek Najmiec
0%
Marek Pruski
0%
Marek Rak
0%
Marek Rondo
0%
Marek Róziewicz
0%
Marek Rudnicki
0%
Marek Rzepka
0%
Marek Szymański
0%
Marek Zdziech
0%
Marek Zgoła
0%
Marek Zgrzywa
0%
Maria Jeszka
0%
Maria Muzalewska
0%
Marianna Malinowska
0%
Maria Rutkowska
0%
Maria Salińska
0%
Maria Szafrańska
0%
Maria Szymczyk
0%
Maria Wojdal
0%
Maria Zawiejska
0%
Mariusz Antas
0%
Mariusz Bołzan
0%
Mariusz Kolendo
0%
Mariusz Lipski
0%
Mariusz Smajdor
0%
Mariusz Wąchała
0%
Mariusz Zemła
0%
Marlena Tkocz
0%
Marta Jaworska
0%
Marta Lemańska
0%
Marta Lorens
0%
Marta Nawrocka
0%
Marta Notecka Filar
0%
Marta Zaniewicz
0%
Marta Zemanek
0%
Marta Żywicka
0%
Martin Miękus
0%
Martyna Gryt
0%
Martyna Hejduk
0%
Martyna Nowicka
0%
Martyna Rytych
0%
Martyna Sędziak
0%
Martynas Grygutis
0%
Martyna Szuta
0%
Martyna Truszczyńska
0%
Martyna Wójcik
0%
Maryla Jeż
0%
Marzena Marcol
0%
Mateusz Ambroży
0%
Mateusz Andrzejewski
0%
Mateusz Balawajder
0%
Mateusz Balcer
0%
Mateusz Bartkiewicz
0%
Mateusz Bednarski
0%
Mateusz Bełz
0%
Mateusz Bieńkowski
0%
Mateusz Bileński
0%
Mateusz Bodal
0%
Mateusz Bogdała
0%
Mateusz Brodzik
0%
Mateusz Broniszewski
0%
Mateusz Bytner
0%
Mateusz Celewicz
0%
Mateusz Cerulewicz
0%
Mateusz Czajkowski
0%
Mateusz Czarnik
0%
Mateusz Czmok
0%
Mateusz Dawidowicz
0%
Mateusz Derda
0%
Mateusz Derejczyk
0%
Mateusz Dobosz
0%
Mateusz Dominiak
0%
Mateusz Drozd
0%
Mateusz Dusza
0%
Mateusz Dyżewski
0%
Mateusz Dziewulski
0%
Mateusz Erdmann
0%
Mateusz Fejdych
0%
Mateusz Fulla
0%
Mateusz Gabara
0%
Mateusz Gabzdyl
0%
Mateusz Gąsiorek
0%
Mateusz Gawlik
0%
Mateusz Gęślak
0%
Mateusz Giedroyc
0%
Mateusz Głomb
0%
Mateusz Głuc
0%
Mateusz Gołaś
0%
Mateusz Gołębiewski
0%
Mateusz Gondek
0%
Mateusz Gontarczyk
0%
Mateusz Górny
0%
Mateusz Gralak
0%
Mateusz Grzeszata
0%
Mateusz Hanus
0%
Mateusz Hardejewicz
0%
Mateusz Jamróz
0%
Mateusz Janicki
0%
Mateusz Janik
0%
Mateusz Jarosz
0%
Mateusz Jelonek
0%
Mateusz Kaliciak
0%
Mateusz Karalus
0%
Mateusz Karaś
0%
Mateusz Kempa
0%
Mateusz Knauber
0%
Mateusz Kohut
0%
Mateusz Kolańczyk
0%
Mateusz Koleśnik
0%
Mateusz Konarski
0%
Mateusz Koniuszy
0%
Mateusz Kopyściański
0%
Mateusz Korolkiewicz
0%
Mateusz Kościelniak
0%
Mateusz Kosterna
0%
Mateusz Kostro-Olechowski
0%
Mateusz Kostur
0%
Mateusz Kowalczyk
0%
Mateusz Kowalik
0%
Mateusz Kozioł
0%
Mateusz Krawczyk
0%
Mateusz Król
0%
Mateusz Krysiak
0%
Mateusz Krzemień
0%
Mateusz Krzemiński
0%
Mateusz Kukulski
0%
Mateusz Kulesza
0%
Mateusz Kurek
0%
Mateusz Laskus
0%
Mateusz Łaziński
0%
Mateusz Lepieszka
0%
Mateusz Lewandowski
0%
Mateusz Lewczuk
0%
Mateusz Litka
0%
Mateusz Łotocki
0%
Mateusz Mac
0%
Mateusz Mączka
0%
Mateusz Majewski
0%
Mateusz Makarenko
0%
Mateusz Mańka
0%
Mateusz Meyer
0%
Mateusz Mężyński
0%
Mateusz Miszczyński
0%
Mateusz Młynarski
0%
Mateusz Mróz
0%
Mateusz Mucha
0%
Mateusz Najsarek
0%
Mateusz Nalepka
0%
Mateusz Necel
0%
Mateusz Niećko
0%
Mateusz Niewiadomski
0%
Mateusz Nizio
0%
Mateusz Oberg
0%
Mateusz Olszanecki
0%
Mateusz Opala
0%
Mateusz Pachuta
0%
Mateusz Paczkowski
0%
Mateusz Pakosz
0%
Mateusz Pankowski
0%
Mateusz Pękała
0%
Mateusz Piechowski
0%
Mateusz Pietrzak
0%
Mateusz Pietrzykowski
0%
Mateusz Piotrowski
0%
Mateusz Pluta
0%
Mateusz Potocki
0%
Mateusz Rak
0%
Mateusz Reniecki
0%
Mateusz Różewski
0%
Mateusz Ruman
0%
Mateusz Rybski
0%
Mateusz Rymorz
0%
Mateusz Rysiewicz
0%
Mateusz Safarzyński
0%
Mateusz Sagan
0%
Mateusz Sambor
0%
Mateusz Samotyja
0%
Mateusz Serek
0%
Mateusz Siwek
0%
Mateusz Słapiński
0%
Mateusz Śliżewski
0%
Mateusz Słotwiński
0%
Mateusz Słowikowski
0%
Mateusz Sobolewski
0%
Mateusz Solnica
0%
Mateusz Stach
0%
Mateusz Stachowski
0%
Mateusz Stepek
0%
Mateusz Stepiczew
0%
Mateusz Stroiński
0%
Mateusz Sus
0%
Mateusz Sutor
0%
Mateusz Świeczka
0%
Mateusz Sygierycz
0%
Mateusz Sykut
0%
Mateusz Szczepański
0%
Mateusz Sznejkowski
0%
Mateusz Szulc
0%
Mateusz Szura
0%
Mateusz Szweda
0%
Mateusz Szymański
0%
Mateusz Szypkowski
0%
Mateusz Tesarowski
0%
Mateusz Teśluk
0%
Mateusz Tobiasz
0%
Mateusz Tomaszek
0%
Mateusz Trawiński
0%
Mateusz Urbańczyk
0%
Mateusz Waliduda
0%
Mateusz Wandzel
0%
Mateusz Wąsik
0%
Mateusz Wcisło
0%
Mateusz Wierzbicki
0%
Mateusz Wilkin
0%
Mateusz Wiśniewski
0%
Mateusz Witt
0%
Mateusz Wojciula
0%
Mateusz Wojnowski
0%
Mateusz Wójt
0%
Mateusz Wojtas
0%
Mateusz Wojtulewicz
0%
Mateusz Wojtyra
0%
Mateusz Wolniak
0%
Mateusz Wyszomirski
0%
Mateusz Żak
0%
Mateusz Zębala
0%
Mateusz Zolisz
0%
Mateusz Żurek
0%
Mateusz Zygo
0%
Mattia Rizzardi Tempini
0%
Matviy Berestovskyy
0%
Matylda Bania
0%
Matylda Liponoga
0%
Maurycy Chrupek
0%
Maurycy Siemiński
0%
Maximilian Pietkun
0%
Maximilian Wiese
0%
Maxim Siek-Zagórski
0%
Max Wrębel
0%
Michael Dudek
0%
Michał Adamczyk
0%
Michał Bajtała
0%
Michał Bąkała
0%
Michał Bakoński
0%
Michał Belczak
0%
Michał Bernacki
0%
Michał Białochleb
0%
Michał Błaszczak
0%
Michał Błażejewski
0%
Michał Blinowski
0%
Michał Borkowski
0%
Michał Brambor
0%
Michał Brzozowski
0%
Michał Buko
0%
Michał Buszczak
0%
Michał Carroz Noriega
0%
Michał Cekus
0%
Michał Chrustek
0%
Michał Chudzik
0%
Michał Chumieja
0%
Michał Ciszewski
0%
Michał Cukier
0%
Michał Cyl
0%
Michał Damrych
0%
Michał Dębski
0%
Michał Diak
0%
Michał Dobrzycki
0%
Michał Drożdżyński
0%
Michał Dudek
0%
Michał Dudziak
0%
Michał Dusiński
0%
Michał Dyga
0%
Michał Dziurkowski
0%
Michał Fijałkowski
0%
Michał Fluder
0%
Michał Fryda
0%
Michał Furtak
0%
Michał Gaj
0%
Michał Gajewski
0%
Michał Gandor
0%
Michał Gierlicki
0%
Michał Gmyrek
0%
Michał Godek
0%
Michał Gołombek
0%
Michał Gorawski
0%
Michał Gruba
0%
Michał Grzelak
0%
Michał Herjan
0%
Michał Herman
0%
Michał Herzyk
0%
Michał Hołdyk
0%
Michał Hordecki
0%
Michał Jacewicz
0%
Michał Jackowski
0%
Michał Jałowiecki
0%
Michał Jankowski
0%
Michał Jasiak
0%
Michał Jop
0%
Michal J. Sekulski
0%
Michał Kacprzyk
0%
Michał Kaczmarek
0%
Michał Kaczyński
0%
Michał Kaleta
0%
Michał Kalinowski
0%
Michał Kaniewski
0%
Michal Karczewski
0%
Michał Kardynał
0%
Michał Karol Harowicz
0%
Michał Kawa
0%
Michał Kępczyński
0%
Michał Klatka
0%
Michał Klawikowski
0%
Michał Klimczak
0%
Michał Kmiecik
0%
Michał Kobyliński
0%
Michał Kocięba
0%
Michał Koczy
0%
Michał Kołatek
0%
Michał Kopacz
0%
Michał Korbacz
0%
Michał Korzeniowski
0%
Michał Kostępski
0%
Michał Kot
0%
Michał Krasodomski
0%
Michał Kruczalok
0%
Michał Kryński
0%
Michał Krystecki
0%
Michał Krzechki
0%
Michał Kucak
0%
Michał Kuchta
0%
Michał Kurjata
0%
Michał Kurzydło
0%
Michał Kusio
0%
Michał Leja
0%
Michał Leszewicz
0%
Michał Luchowski
0%
Michał Ludwik
0%
Michał Lukosek
0%
Michał Łysikowski
0%
Michał Machała
0%
Michał Maj
0%
Michał Majchrzak
0%
Michał Małek
0%
Michał Malessa
0%
Michał Maniawski
0%
Michał Marczenko
0%
Michał Mazur
0%
Michał Merło
0%
Michał Michalak
0%
Michał Mielniczek
0%
Michał Milówka
0%
Michał Mordarski
0%
Michał Moszczyński
0%
Michał Mrowicki
0%
Michał Mydlarz
0%
Michał Najwer
0%
Michał Napierajczyk
0%
Michał Niedzielski
0%
Michał Orylski
0%
Michał Orzechowski
0%
Michał Ostrowski
0%
Michał Pajewski
0%
Michal Pakulski
0%
Michał Parzyszek
0%
Michał Pawlak
0%
Michał Pecko
0%
Michał Pędzisz
0%
Michał Pelic
0%
Michał Picz
0%
Michał Piesiak
0%
Michał Pietraszko
0%
Michał Pietruszyński
0%
Michał Pinkowski
0%
Michał Piotrowski
0%
Michał Pisarski
0%
Michał Piwosz
0%
Michał Plichta
0%
Michał Polewiak
0%
Michał Pomocki
0%
Michał Potocki
0%
Michał Przybyszewski
0%
Michał Pyś
0%
Michał Pytka
0%
Michał Radziejewski
0%
Michał Ratajczak
0%
Michał Raźny
0%
Michał Rembalski
0%
Michał Rosiński
0%
Michał Roszak
0%
Michał Rozynek
0%
Michał Rybczyński
0%
Michał Rzeczycki
0%
Michał Rzepecki
0%
Michał Sabat
0%
Michał Sawicki
0%
Michał Sidłowski
0%
Michał Skwarczewski
0%
Michał Śliwiński
0%
Michał Słomczewski
0%
Michał Smok
0%
Michał Smosarski
0%
Michał Soboń
0%
Michał Sowiński
0%
Michał Stachowicz
0%
Michał Stępniak
0%
Michał Sternik
0%
Michał Świderski
0%
Michał Świstowski
0%
Michał Szczepanik
0%
Michał Szczerbowski
0%
Michał Szeląg
0%
Michał Tosik
0%
Michał Trychta
0%
Michał Tuliszkiewicz
0%
Michał Wachowicz
0%
Michał Wełniak
0%
Michał Weskida
0%
Michał Wizner
0%
Michał Wnęta
0%
Michał Wójtowicz
0%
Michał Woliński
0%
Michał Wrona
0%
Michał Wrzesień
0%
Michał Wylezol
0%
Michał Wysokiński
0%
Michał Zając
0%
Michał Zdziech
0%
Michał Zuch
0%
Mieszko Masłowski
0%
Mieszko Stryjski
0%
Mikołaj Bąk
0%
Mikołaj Barszczewski
0%
Mikołaj Bodył
0%
Mikołaj Borys
0%
Mikołaj Bułakowski
0%
Mikołaj Bździuch
0%
Mikołaj Chalimoniuk
0%
Mikołaj Chojnacki
0%
Mikołaj Czapla
0%
Mikołaj Dorosiński
0%
Mikołaj Duszkiewicz
0%
Mikołaj Filipiak
0%
Mikołaj Gaj
0%
Mikołaj Gasparski
0%
Mikołaj Gbiorczyk
0%
Mikołaj Giza
0%
Mikołaj Gliniecki
0%
Mikołaj Gmitrzak
0%
Mikołaj Gniady
0%
Mikołaj Grycel
0%
Mikołaj Jakubowski
0%
Mikołaj Jasiński
0%
Mikołaj Joachimiak
0%
Mikołaj Jóźwik
0%
Mikołaj Kamiński
0%
Mikołaj Kantor
0%
Mikołaj Kasztelan
0%
Mikołaj Kaźmierczak
0%
Mikołaj Kisała
0%
Mikołaj Konefał
0%
Mikołaj Konig
0%
Mikołaj Kopacz
0%
Mikołaj Kopeć
0%
Mikołaj Korba
0%
Mikołaj Kruczek
0%
Mikołaj Kruk
0%
Mikołaj Krysta
0%
Mikołaj Księski
0%
Mikołaj Kucab
0%
Mikołaj Lizak
0%
Mikołaj Maćkowiak
0%
Mikołaj Maj
0%
Mikolaj Majowicz
0%
Mikołaj Majzel
0%
Mikołaj Matejek
0%
Mikołaj Miernik
0%
Mikołaj Mikołajczyk
0%
Mikołaj Miłosz Birecki
0%
Mikołaj Miśków
0%
Mikołaj Molga
0%
Mikołaj Molski
0%
Mikołaj Neumann
0%
Mikołaj Nowak
0%
Mikołaj Ochla
0%
Mikołaj Osica
0%
Mikołaj Osuch
0%
Mikołaj Owczarz
0%
Mikołaj Pacek
0%
Mikołaj Plich
0%
Mikołaj Pomykała
0%
Mikołaj Przybylski
0%
Mikołaj Przybysz
0%
Mikołaj Purzycki
0%
Mikołaj Roman
0%
Mikołaj Rup
0%
Mikołaj Sadowski
0%
Mikołaj Sajda
0%
Mikołaj Sklarczuk
0%
Mikołaj Skoczeń
0%
Mikołaj Skrzypczak
0%
Mikołaj Słowikowski
0%
Mikołaj Sowa
0%
Mikołaj Stepczak
0%
Mikołaj Szulc
0%
Mikołaj Szymor
0%
Mikołaj Tchorek
0%
Mikołaj Wieczerzyński
0%
Mikołaj Wilk
0%
Mikołaj Witek
0%
Mikołaj Wojciechowski
0%
Mikołaj Wrzesiński
0%
Mikołaj Wydra
0%
Mikołaj Wypych
0%
Mikołaj Zając
0%
Mikołaj Zawadzki
0%
Mikołaj Zdonek
0%
Mikołaj Zemło
0%
Mikołaj Żmij
0%
Milan Cwalina Brylow
0%
Milan Michalak
0%
Milena Brzywczy
0%
Milena Lipczuk
0%
Miłosz Czarnota
0%
Miłosz Dąbrowski
0%
Miłosz Duda
0%
Miłosz Dziduch
0%
Miłosz Gałgan
0%
Miłosz Gruszczyński
0%
Miłosz Jaśkiewicz
0%
Miłosz Joppek
0%
Miłosz Kacprowicz
0%
Miłosz Kaczkowski
0%
Miłosz Kawiński
0%
Miłosz Koźbiał
0%
Miłosz Kuropka
0%
Miłosz Lata
0%
Miłosz Ludwinek
0%
Miłosz Matląg
0%
Miłosz Mikołajewski
0%
Miłosz Nowakowski
0%
Miłosz Olszański
0%
Miłosz Olszowski
0%
Miłosz Ostroga
0%
Miłosz Płatek
0%
Miłosz Roszak
0%
Miłosz Różalski
0%
Miłosz Sęczkowski
0%
Miłosz Szczechowski
0%
Miłosz Tomczak
0%
Miłosz Toporek
0%
Miłosz Tylenda
0%
Miłosz Wicher
0%
Miłosz Widuliński
0%
Miłosz Wiśniewski
0%
Miłosz Witkowski
0%
Miłosz Wroński
0%
Mińosz Nowakowski
0%
Miroslaw Krukowski
0%
Moin Qannita
0%
Monika Gondorowicz
0%
Monika Łojek
0%
Monika Szachniewicz
0%
Naama Anbar
0%
Nadia Hermann
0%
Nadia Niedzwiedzka
0%
Natalia Bujny
0%
Natalia Gorgoń
0%
Natalia Gruszczyńska
0%
Natalia Kempa
0%
Natalia Kułacz
0%
Natalia Magdziarz
0%
Natalia Matysek
0%
Natalia Monkiewicz
0%
Natalia Pietras
0%
Natalia Przybyło
0%
Natalia Rupala
0%
Natalia Ryczko
0%
Natalia Tomaszuk
0%
Natalia Wolniewicz
0%
Natanael Milewski
0%
Nataniel Krzyczkowski
0%
Nataniel Kulesa
0%
Nataniel Noetzel
0%
Natan Kostrzewski
0%
Natan Kubiak
0%
Natan Łazarewicz
0%
Natan Stefaniak
0%
Natan Szwal
0%
Natan Walilko
0%
Nathaniel Bigaj
0%
Nathan Martin
0%
Nathan Truś
0%
Nazar Alieksieienko
0%
Nel Tomczyk
0%
Nguyen Hoang Nam
0%
Nicholas Pasek
0%
Nicolas Perzynski
0%
Nikodem Adamiec
0%
Nikodem Bosak
0%
Nikodem Burghardt
0%
Nikodem Ciepłucha
0%
Nikodem Frejtak
0%
Nikodem Furtak
0%
Nikodem Gazi
0%
Nikodem Gospodarek
0%
Nikodem Gwizdoń
0%
Nikodem Huzarek
0%
Nikodem Kamiński
0%
Nikodem Kochanik
0%
Nikodem Kołakowski
0%
Nikodem Kruk
0%
Nikodem Macuk
0%
Nikodem Mikołajczyk
0%
Nikodem Netkowski
0%
Nikodem Paluczek
0%
Nikodem Pawłowski
0%
Nikodem Pikulski
0%
Nikodem Sołtys
0%
Nikodem Tatarczak
0%
Nikodem Trzop
0%
Nikodem Walczak
0%
Nikodem Zawierucha
0%
Nikola Długoszewska
0%
Nikola Nowak
0%
Nikola Ziemska
0%
Nina Kalita
0%
Nina Lulewicz
0%
Nina Pawlak
0%
Nitaj Frankowski
0%
Norbert Ciurysek
0%
Norbert Dzida
0%
Norbert Kamiński
0%
Norbert Mlekodaj
0%
Norbert Niedziółka
0%
Norbert Oziębło
0%
Norbert Romiński
0%
Oktawian Janikowski
0%
Oktawian Kordyjak
0%
Olaf Dembski
0%
Olaf Filar
0%
Olaf Gajdzik
0%
Olaf Gołębiewski-Ćwikła
0%
Olaf Lidzbarski
0%
Olaf Łukomski
0%
Olaf Malik
0%
Olaf Niechciał
0%
Olaf Oborski
0%
Olaf Oleksiak
0%
Olaf Serafin
0%
Olaf Wdowiak
0%
Olaf Zajączkowski
0%
Olaf Zielak
0%
Ola Morgała
0%
Oleg Tokarz
0%
Olek Bęben
0%
Olek Mischke
0%
Oleksandr Gubar
0%
Oleksiy Gubar
0%
Olek Terka
0%
Olga Mieczkowska
0%
Olga Nowaczyk
0%
Olga Ośmiałowska
0%
Olgierd Łabęcki
0%
Olgierd Nowak
0%
Olgierd Podkościelny
0%
Oliver Rachowski
0%
Olivier Konsek
0%
Olivier Łasiński
0%
Olivier Zakrzewski
0%
Oliwer Kurzątkowski
0%
Oliwer Leckner
0%
Oliwer Mulawka
0%
Oliwer Podeszwa
0%
Oliwia Hikiel
0%
Oliwia Kowalewska
0%
Oliwia Kowalska
0%
Oliwia Naczk
0%
Oliwia Urlicka
0%
Oliwier Banasik
0%
Oliwier Baradziej
0%
Oliwier Bies
0%
Oliwier Burak
0%
Oliwier Dąbrowski
0%
Oliwier Ferenc
0%
Oliwier Furowicz
0%
Oliwier Gaweł
0%
Oliwier Grabarz
0%
Oliwier Hajduk
0%
Oliwier Janeczek
0%
Oliwier Kaczmarek
0%
Oliwier Kasprowicz
0%
Oliwier Komaniecki
0%
Oliwier Kossak
0%
Oliwier Kruczek
0%
Oliwier Łabiński
0%
Oliwier Łukasik
0%
Oliwier Peryga
0%
Oliwier Pluciński
0%
Oliwier Stanek
0%
Oliwier Szcześniak
0%
Oliwier Wiśniewski
0%
Oliwier Ziętek
0%
Omer Yusuf Gonen
0%
Oscar Pedone
0%
Oskar Boguń
0%
Oskar Broda
0%
Oskar Dehn-Drozdowski
0%
Oskar Duda
0%
Oskar Godlewski
0%
Oskar Gogolewski
0%
Oskar Grześkowiak
0%
Oskar Habdas
0%
Oskar Iwaszkiewicz
0%
Oskar Jasiński
0%
Oskar Jędrzejewski
0%
Oskar Kaźmierczak
0%
Oskar Kaźmierowicz
0%
Oskar Kolano
0%
Oskar Krzaczek
0%
Oskar Kubik
0%
Oskar Kupis
0%
Oskar Kwietniewski
0%
Oskar Liśkiewicz
0%
Oskar Maryniak
0%
Oskar Maślanka
0%
Oskar Nowicki
0%
Oskar Obeid
0%
Oskar Osiński
0%
Oskar Ożóg
0%
Oskar Pieniążkiewicz
0%
Oskar Ponto
0%
Oskar Przybyło
0%
Oskar Ramut
0%
Oskar Staszewski
0%
Oskar Strychar
0%
Oskar Sztandarski
0%
Oskar Szweda
0%
Oskar Waliszewski
0%
Oskar Winiarz
0%
Oskar Wojtyna
0%
Oskar Zajda
0%
Oskar Zawadowicz
0%
Oskar Żółciński
0%
Pamela Szponder
0%
Patricia Kubasek
0%
Patrick Bugajski
0%
Patrycja Drażba
0%
Patrycja Gorzędowska
0%
Patrycja Telesz
0%
Patrycja Trusewicz
0%
Patrycja Tucholska
0%
Patryk Brym
0%
Patryk Burzycki
0%
Patryk Celary
0%
Patryk Chudzik
0%
Patryk Czupryn
0%
Patryk Dobrowolski
0%
Patryk Dulniok
0%
Patryk Galant
0%
Patryk Gawot
0%
Patryk Gołębiowski
0%
Patryk Hadrian
0%
Patryk Janczewski
0%
Patryk Karch
0%
Patryk Kisio
0%
Patryk Kluk
0%
Patryk Kotlarz
0%
Patryk Kozłowski
0%
Patryk Krzyżaniak
0%
Patryk Kuliński
0%
Patryk Kusz
0%
Patryk Kuzia
0%
Patryk Lasota
0%
Patryk Ledwoń
0%
Patryk Lietz
0%
Patryk Lisowski
0%
Patryk Łuszcz
0%
Patryk Misiło
0%
Patryk Morek
0%
Patryk Naguszewski
0%
Patryk Nikel
0%
Patryk Osendowski
0%
Patryk Owczarek
0%
Patryk Pałka
0%
Patryk Piechowicz
0%
Patryk Piotrowski
0%
Patryk Popardowski
0%
Patryk Porąbka
0%
Patryk Rój
0%
Patryk Rozynek
0%
Patryk Rzeszut
0%
Patryk Skrzyński
0%
Patryk Stachyra
0%
Patryk Stronka
0%
Patryk Szczepański
0%
Patryk Szkic
0%
Patryk Szopa
0%
Patryk Wawrzyniak
0%
Patryk Werajtis
0%
Patryk Wójtowicz
0%
Patryk Wolski
0%
Patryk Wyleżoł
0%
Patryk Zieliński
0%
Paulina Andrzejak
0%
Paulina Czopek
0%
Paulina Fydrych
0%
Paulina Napierała
0%
Paulina Szpilowska
0%
Paweł Arkuszewski
0%
Paweł Badurek
0%
Paweł Bąk
0%
Paweł Berg
0%
Pawel Bilan
0%
Paweł Bryk
0%
Paweł Brzęczek
0%
Paweł Budzejko
0%
Paweł Budziński
0%
Paweł Bytnar
0%
Paweł Chudzik
0%
Paweł Ciołek
0%
Paweł Darmoń
0%
Paweł Dembicki
0%
Paweł Demjankowski
0%
Paweł Dmochowski
0%
Paweł Duda
0%
Paweł Dziedzic
0%
Paweł Fedyk
0%
Paweł Filar
0%
Paweł Frankowski
0%
Paweł Gac
0%
Paweł Gąsiorowski
0%
Paweł Gil
0%
Paweł Górecki
0%
Paweł Gosieniecki
0%
Paweł Gross
0%
Paweł Grygorewicz
0%
Paweł Herduś
0%
Paweł Jańczak
0%
Paweł Jasiński
0%
Paweł Kaczoruk
0%
Paweł Kamiński
0%
Paweł Kasprzykowski
0%
Paweł Kędziorski
0%
Paweł Klamut
0%
Paweł Knysok
0%
Paweł Kopciuch
0%
Paweł Kosiorek
0%
Paweł Koter
0%
Paweł Król
0%
Paweł Kubera
0%
Paweł Kulasa
0%
Paweł Kuliński
0%
Paweł Kuna
0%
Paweł Leszczyński
0%
Paweł Lewicki
0%
Paweł Lipiński
0%
Paweł Madej
0%
Paweł Małojło
0%
Paweł Małysz
0%
Paweł Mańkowski
0%
Paweł Marton
0%
Paweł Meller
0%
Paweł Mieczkowski
0%
Paweł Motyl
0%
Paweł Nagiel
0%
Paweł Orlik
0%
Paweł Oświeciński
0%
Paweł Otrębski
0%
Paweł Ożóg
0%
Paweł Paciuch
0%
Paweł Palcar
0%
Paweł Palenik
0%
Paweł Pałka
0%
Paweł Piotrowski
0%
Paweł Piwowarski
0%
Paweł Podgórski
0%
Paweł Pokajewicz
0%
Paweł Przybylski
0%
Paweł Psykała
0%
Paweł Rajkiewicz
0%
Paweł Ramut
0%
Paweł Roszman
0%
Paweł Sadownik
0%
Paweł Sakowicz
0%
Paweł Sawicki
0%
Paweł Sękul
0%
Paweł Serkowski
0%
Paweł Sikora
0%
Paweł Słowik
0%
Paweł Śmigiel
0%
Paweł Sprycha
0%
Paweł Stefaniak
0%
Paweł Strzesak
0%
Paweł Świerczek
0%
Paweł Synowiec
0%
Paweł Szczepański
0%
Paweł Szczygieł
0%
Paweł Szmalc
0%
Paweł Szpor
0%
Paweł Wdowiak
0%
Paweł Wieczorek
0%
Paweł Wilde
0%
Paweł Woźnica
0%
Paweł Wysocki
0%
Pawel Zatorski
0%
Paweł Zok
0%
Paweł Żyłka
0%
Peter Jaszczynski
0%
Peter Lübeck
0%
Philip Antonik
0%
Philipp Żurowski
0%
Piotr Adamek
0%
Piotr Angrot
0%
Piotr Bakuła
0%
Piotr Baranowski
0%
Piotr Bartoszewicz
0%
Piotr Baster
0%
Piotr Bednarczyk
0%
Piotr Bienias
0%
Piotr Bortko
0%
Piotr Brodacki
0%
Piotr Buba
0%
Piotr Buczowski
0%
Piotr Chmielewski
0%
Piotr Chmieliński
0%
Piotr Cymbała
0%
Piotr Czarnecki
0%
Piotr Czech
0%
Piotr Czernecki
0%
Piotr Danecki
0%
Piotr Dębowski
0%
Piotr Dobosz
0%
Piotr Dobrowolski
0%
Piotr Drożdżał
0%
Piotr Drybała
0%
Piotr Dryla
0%
Piotr Dudek
0%
Piotr Dudziak
0%
Piotr Dworaczyk
0%
Piotr Dziedzic
0%
Piotrek Dryla
0%
Piotrek Kułaga
0%
Piotrek Misiorek
0%
Piotrek Narojczyk
0%
Piotr Gadomski
0%
Piotr Gałczyk
0%
Piotr Glinka
0%
Piotr Góraj
0%
Piotr Gorgoń
0%
Piotr Goździewicz
0%
Piotr Graczyk
0%
Piotr Grzybek
0%
Piotr Gułkowski
0%
Piotr Gutkowski
0%
Piotr Hat
0%
Piotr Ingram
0%
Piotr Jakubik
0%
Piotr Janiuk
0%
Piotr Jaśkiewicz
0%
Piotr Jastrzębski
0%
Piotr Kalitka
0%
Piotr Kaminski
0%
Piotr Karczewski
0%
Piotr Kawecki
0%
Piotr Kiełbus
0%
Piotr Kierdelewicz
0%
Piotr Kieruzel
0%
Piotr Kitowski
0%
Piotr Kochańczyk
0%
Piotr Kolasa
0%
Piotr Korfanty
0%
Piotr Koska
0%
Piotr Kotela
0%
Piotr Kowolik
0%
Piotr Krajewski
0%
Piotr Krzewiński
0%
Piotr Krzysztof Boniecki
0%
Piotr Kucharski
0%
Piotr Kwapin
0%
Piotr Lesiński
0%
Piotr Limanowski
0%
Piotr Lipiński
0%
Piotr Ludwig
0%
Piotr Majka
0%
Piotr Majtyka
0%
Piotr Makowski
0%
Piotr Manerowski
0%
Piotr Marcisz
0%
Piotr Matuszczyk
0%
Piotr Mirosław
0%
Piotr Myśliński
0%
Piotr Nadolski
0%
Piotr Nałęczyński
0%
Piotr Neffe
0%
Piotr Nguyen
0%
Piotr Niedzielski
0%
Piotr Nowosielski
0%
Piotr Ostapowicz
0%
Piotr Pączek
0%
Piotr Paluszyński
0%
Piotr Paśko
0%
Piotr Pęcherz
0%
Piotr Pęcikiewicz
0%
Piotr Pelc
0%
Piotr Pełszyk
0%
Piotr Piotrowski
0%
Piotr Piszak
0%
Piotr Płócienniczak
0%
Piotr Pohl
0%
Piotr Ponikowski
0%
Piotr Pręgowski
0%
Piotr Radowski
0%
Piotr Rekus
0%
Piotr Roziński
0%
Piotr Sawecki
0%
Piotr Ślesicki
0%
Piotr Socha
0%
Piotr Sołtysik
0%
Piotr Sowiński
0%
Piotr Spychalski
0%
Piotr Stachurski
0%
Piotr Stelmach
0%
Piotr Suchowirski
0%
Piotr Sulej
0%
Piotr Swobodziński
0%
Piotr Szczygieł
0%
Piotr Szulc
0%
Piotr Szumilas
0%
Piotr Szwed
0%
Piotr Trębicki
0%
Piotr Tyrakowski
0%
Piotr Wacławski
0%
Piotr Waruszewski
0%
Piotr Wasilewski
0%
Piotr Waszak
0%
Piotr Waszek
0%
Piotr Wejzer
0%
Piotr Wiaderny
0%
Piotr Wierzbowski
0%
Piotr Wikiera
0%
Piotr Wilk
0%
Piotr Włodarz
0%
Piotr Wojtaś
0%
Piotr Wysokinski
0%
Piotr Zambrzycki
0%
Piotr Zapiór
0%
Piotr Zaworski
0%
Piotr Zemła
0%
Piotr Ziemba
0%
Piotr Zyskowski
0%
Pola Ładyńska
0%
Pola Maksim
0%
Pola Zbucka
0%
Popęda Maciek
0%
Przemek Chlebica
0%
Przemek Kania
0%
Przemek Sioła
0%
Przemek Targosz
0%
Przemek Urbaniak
0%
Przemysław Chojecki
0%
Przemysław Cichoń
0%
Przemysław Czekaj
0%
Przemysław Gawełek
0%
Przemysław Janicki
0%
Przemysław Jasik
0%
Przemysław Kara
0%
Przemysław Kopczyński
0%
Przemysław Leśniak
0%
Przemyslaw Lubomil Derengowski
0%
Przemysław Maryjosz
0%
Przemysław Mazur
0%
Przemysław Michalski
0%
Przemysław Ostrowski
0%
Przemysław Pomarański
0%
Przemysław Roszak
0%
Przemysław Szwajdych
0%
Przemysław Wesołowski
0%
Przemysław Wieczorek
0%
Przemysław Zając
0%
Przemysław Zych
0%
Radek Pomykała
0%
Radek Stefański
0%
Radomił Sadowski
0%
Radoslav Ginc
0%
Radosław Biel
0%
Radosław Czoska
0%
Radosław Dudziak
0%
Radosław Ginter
0%
Radosław Gołecki
0%
Radosław Kolb
0%
Radosław Komorowski
0%
Radosław Koterla
0%
Radosław Krzemieniecki
0%
Radosław Niziałek
0%
Radosław Nowrot
0%
Radosław Puchalski
0%
Radosław Stręciwilk
0%
Radosław Strugała
0%
Radosław Surlas
0%
Radosław Tracz
0%
Radosław Wilczyński
0%
Radosław Wilk
0%
Radosław Wodzikowski
0%
Radosław Żukow
0%
Radosz Mitas
0%
Rafael Najjari
0%
Rafał Bagiński
0%
Rafał Bartuzi
0%
Rafał Bednarczuk
0%
Rafał Bernat
0%
Rafał Borkowski
0%
Rafał Broncel
0%
Rafał Celmer
0%
Rafał Chojnacki
0%
Rafał Cygan
0%
Rafał Drath
0%
Rafał Drozd
0%
Rafał Gajda
0%
Rafał Jachimowski
0%
Rafał Jakóbczyk
0%
Rafał Janicki
0%
Rafał Jankowski
0%
Rafał Jaskulski
0%
Rafał Jeromin
0%
Rafał Jura
0%
Rafał Klat
0%
Rafał Klifeld
0%
Rafał Koń
0%
Rafał Krawczyk
0%
Rafał Kubacki
0%
Rafał Kubień
0%
Rafał Lorenc
0%
Rafał Lustig
0%
Rafał Łysio
0%
Rafał Majtyka
0%
Rafał Mielewczyk
0%
Rafał Nater
0%
Rafał Ogiegło
0%
Rafał Paciuch
0%
Rafał Pogorzelski
0%
Rafał Postek
0%
Rafał Pyzowski
0%
Rafał Rowiński
0%
Rafał Rudolf
0%
Rafał Stelmach
0%
Rafał Stottko
0%
Rafał Świstowski
0%
Rafał Szarek
0%
Rafał Szopa
0%
Rafał Wilczewski
0%
Rafał Wójtowicz
0%
Rafał Wyganowski
0%
Ramaj Frankowski
0%
Remigiusz Bekierz
0%
Remigiusz Chrobak
0%
Remigiusz Durka
0%
Remigiusz Kamiński
0%
Remigiusz Wolinski
0%
Remigiusz Zając
0%
Robert Bronisławski
0%
Robert Czuchaj
0%
Robert Drozdek
0%
Robert Grzywna
0%
Robert Jarczyński
0%
Robert Kalinowski
0%
Robert Maruszczyk
0%
Robert Matuszak
0%
Robert Piechaczek
0%
Robert Poręba
0%
Robert Śmiatacz
0%
Robert Stefaniak
0%
Robert Stempak
0%
Robert Trzosowski
0%
Robert Wajoras
0%
Robert Walkowski
0%
Robert Wojtkowski
0%
Robert Zawiła
0%
Robert Żebrowski
0%
Robert Żemojdzin
0%
Rodion Tyzhnevyi
0%
Roksana Domańska
0%
Roman Bureć
0%
Roman Franiak
0%
Roman Krajniewski
0%
Roman Pavlov
0%
Roman Załucki
0%
Rozalia Czerwionka
0%
Ryan Raj Arya
0%
Ryszard Brylowski
0%
Ryszard Kiszka
0%
Sai Sooryah Karuppaiya
0%
Samuel Czerwionka
0%
Samuel Iskierka
0%
Samuel Mikolajczyk
0%
Samuel Pendulak
0%
Samuel Staniszewski
0%
Samuel Wilczek
0%
Sana Pinkas
0%
Sara Buksak
0%
Sara Latri
0%
Sarkis Sheghamyan
0%
Sasza Piotrowski
0%
Sean Ulanowski
0%
Sebastian Bęben
0%
Sebastian Besiński
0%
Sebastian Beszczyński
0%
Sebastian Bryłka-Nadolski
0%
Sebastian Brzustowicz
0%
Sebastian Chojniak
0%
Sebastian Czyrzewski
0%
Sebastian Dolata
0%
Sebastian Fiołek
0%
Sebastian Gabryś
0%
Sebastian Janicki
0%
Sebastian Jedlinski
0%
Sebastian Kamiński
0%
Sebastian Kaźmierski
0%
Sebastian Kieś
0%
Sebastian Kózka
0%
Sebastian Król
0%
Sebastian Maciaszek
0%
Sebastian Majewski
0%
Sebastian Matyjak
0%
Sebastian Meus
0%
Sebastian Milczunas
0%
Sebastian Musioł
0%
Sebastian Niedziela
0%
Sebastian Niziołek
0%
Sebastian Okniński
0%
Sebastian Ostrowski
0%
Sebastian Owieczko
0%
Sebastian Paździor
0%
Sebastian Piechota
0%
Sebastian Rduch
0%
Sebastian Rombalski
0%
Sebastian Sak
0%
Sebastian Słowek
0%
Sebastian Szaflicki
0%
Sebastian Szczypek
0%
Sebastian Szoda
0%
Sebastian Szulc
0%
Sebastian Szyperski
0%
Sebastian Wałczyk
0%
Sebastian Wojciechowski
0%
Sebastian Wszeborowski
0%
Sebastian Żukowski
0%
Sergiusz Brzeziński
0%
Sergiusz Chwałowski
0%
Sergiusz Kornatowski
0%
Sergiusz Szryt
0%
Seweryn Kopeć
0%
Seweryn Mikrut
0%
Seweryn Wzorek
0%
Shinobi Nwaigwe Stanieczek
0%
Simon Kobylański
0%
Sławek Machnik
0%
Sławomir Gonska
0%
Sławomir Kapka
0%
Sławomir Korpowski
0%
Sławomir Lisowski
0%
Sławomir Świtała
0%
Sławomir Szymkowiak
0%
Sławomir Wolanin
0%
Sonia Ćwierat
0%
Sonia Reinert
0%
Stanisław Awianowicz
0%
Stanisław Barysz
0%
Stanisław Bębenek
0%
Stanisław Bystry
0%
Stanisław Chrostowski
0%
Stanisław Dmowski
0%
Stanisław Frankowski
0%
Stanisław Gątkowski
0%
Stanisław Hasiec
0%
Stanisław Ignasiak
0%
Stanisław Janecki
0%
Stanisław Jasek
0%
Stanisław Jędrzejczak
0%
Stanisław Karolczak
0%
Stanisław Krzewiecki
0%
Stanisław Marczak
0%
Stanisław Orlicki
0%
Stanisław Ostaszewski
0%
Stanisław Ozga
0%
Stanisław Pelczar
0%
Stanisław Rodzewicz
0%
Stanisław Ryba
0%
Stanislaw Sawicki
0%
Stanisław Śmigielski
0%
Stanisław Śniegocki
0%
Stanisław Snopczyk
0%
Stanisław Snopek
0%
Stanisław Szadowiak
0%
Stanisław Szczepaniak
0%
Stanislaw Szumielewicz
0%
Stanisław Walczak
0%
Stanisław Wąsewicz
0%
Stanisław Wierzbicki
0%
Stanisław Wiśniewski
0%
Stanisław Witkowski
0%
Stanisław Wojciechowski
0%
Stanisław Wojcieszek
0%
Stanisław Wójcik
0%
Stanisław Wojnarowicz
0%
Stanisław Zieliński
0%
Stefan Kosmowski
0%
Stefan Marzec
0%
Stefan Nosek
0%
Stefan Tobiasiewicz
0%
Stefan Ziembowicz
0%
Sylwia Borbely
0%
Sylwia Samoszyn
0%
Szczepan Ambrożak
0%
Szczepan Górtowski
0%
Szczepan Kordos
0%
Szczepan Łągiewka
0%
Szczepan Sitko
0%
Szymon Andrzejewski
0%
Szymon Babina
0%
Szymon Bacia
0%
Szymon Bąk
0%
Szymon Baliński
0%
Szymon Bałos
0%
Szymon Belgrau
0%
Szymon Biadała
0%
Szymon Bielański
0%
Szymon Bogusławski
0%
Szymon Boniakowski
0%
Szymon Buczek
0%
Szymon Budzik
0%
Szymon Bukowski
0%
Szymon Buła
0%
Szymon Byczkowski
0%
Szymon Chmurzyński
0%
Szymon Chwila
0%
Szymon Ciemięga
0%
Szymon Cyron
0%
Szymon Czarczynski
0%
Szymon Czyryca
0%
Szymon Dajer
0%
Szymon Demko
0%
Szymon Dronszczyk
0%
Szymon Drzewiecki
0%
Szymon Fuga
0%
Szymon Gajdziński
0%
Szymon Gawin
0%
Szymon Głowala
0%
Szymon Główka
0%
Szymon Glura
0%
Szymon Grela
0%
Szymon Grudny
0%
Szymon Gut
0%
Szymon Handzel
0%
Szymon Hankus
0%
Szymon Hofman
0%
Szymon Hołdys
0%
Szymon Jablonski
0%
Szymon Jadczak
0%
Szymon Jagodziński
0%
Szymon Jasieńczuk
0%
Szymon Juroszek
0%
Szymon Kaczorkiewicz
0%
Szymon Kaczorowski
0%
Szymon Kajstura
0%
Szymon Karpecki
0%
Szymon Kaźmierczak
0%
Szymon Kitel
0%
Szymon Kluzowicz
0%
Szymon Kopel
0%
Szymon Kostelecki
0%
Szymon Kowalewski
0%
Szymon Krosny
0%
Szymon Kryża
0%
Szymon Krześniak
0%
Szymon Kubica
0%
Szymon Kuczaty
0%
Szymon Kuliś
0%
Szymon Kulpa
0%
Szymon Kuziemka
0%
Szymon Łabarzewski
0%
Szymon Labuda
0%
Szymon Lewandowski
0%
Szymon Lipiński
0%
Szymon Liszewski
0%
Szymon Łukasiewicz
0%
Szymon Machnio
0%
Szymon Magdziak
0%
Szymon Małota
0%
Szymon Małyniak
0%
Szymon Marcinkiewicz
0%
Szymon Matyasik
0%
Szymon Mietelski
0%
Szymon Mikuś
0%
Szymon Miłkowski
0%
Szymon Młotek
0%
Szymon Molak
0%
Szymon Morek
0%
Szymon Nerek
0%
Szymon Nosiński
0%
Szymon Ochwat
0%
Szymon Oleksy
0%
Szymon Osadnik
0%
Szymon Patrzylas
0%
Szymon Pawłowski
0%
Szymon Piekarski
0%
Szymon Piotrowski
0%
Szymon Plebańczyk
0%
Szymon Plesniak
0%
Szymon Plich
0%
Szymon Podgórzec
0%
Szymon Potocki
0%
Szymon Przybyło
0%
Szymon Rączka
0%
Szymon Rewig
0%
Szymon Rokita
0%
Szymon Rola
0%
Szymon Rosiński
0%
Szymon Rozynek
0%
Szymon Ruksza
0%
Szymon Rusinek
0%
Szymon Rutkowski
0%
Szymon Rybak
0%
Szymon Rynkiewicz
0%
Szymon Sadurski
0%
Szymon Sarzyński
0%
Szymon Siąkała
0%
Szymon Siatkowski
0%
Szymon Siemiatycki
0%
Szymon Sikora
0%
Szymon Skuza
0%
Szymon Ślakowski
0%
Szymon Śliwiński
0%
Szymon Soćko
0%
Szymon Sosnowski
0%
Szymon Sowiński
0%
Szymon Stachowski
0%
Szymon Stępień
0%
Szymon Stryszyk
0%
Szymon Strzałkowski
0%
Szymon Szadkowski
0%
Szymon Szafrański
0%
Szymon Szmit
0%
Szymon Szyszka
0%
Szymon Szyszko
0%
Szymon Trąbka
0%
Szymon Tur
0%
Szymon Ucher
0%
Szymon Urbański
0%
Szymon Utecht
0%
Szymon Wałęka
0%
Szymon Wiatrowski
0%
Szymon Wierzba
0%
Szymon Wiśniewski
0%
Szymon Wojciehowski
0%
Szymon Wójcik
0%
Szymon Wojnarowicz
0%
Szymon Wojtulewicz
0%
Szymon Wolniak
0%
Szymon Woźniakiewicz
0%
Szymon Wróbel
0%
Szymon Zacharzewski
0%
Szymon Zborowski
0%
Szymon Zdun
0%
Szymon Żebracki
0%
Szymon Zimończyk
0%
Tadeusz Budzicz-Rękosiewicz
0%
Tadeusz Kiełczykowski
0%
Tadeusz Leja
0%
Tadeusz Libiszewski
0%
Tadeusz Ługowski
0%
Tadeusz Przeciechowski-Adamski
0%
Tadeusz Tomala
0%
Tadeusz Walat
0%
Tadeusz Wrutniak
0%
Tatiana Lebiedzińska
0%
Teodor Kruk
0%
Teodor Szymański
0%
Teodor Woldu
0%
Teofil Łaszewski
0%
Tobiasz Augustyn
0%
Tobiasz Gromotka
0%
Tobiasz Heronimczak
0%
Tobiasz Jaśniok
0%
Tobiasz Kocik
0%
Tobiasz Miszewski
0%
Tomasz Antoni Kramkowski
0%
Tomasz Bartkowiak
0%
Tomasz Bartosiński
0%
Tomasz Białorucki
0%
Tomasz Blaut
0%
Tomasz Borbely
0%
Tomasz Cisło
0%
Tomasz Cygan
0%
Tomasz Dudziak
0%
Tomasz Dyndor
0%
Tomasz Fromm
0%
Tomasz Gajda
0%
Tomasz Gowin
0%
Tomasz Grochalski
0%
Tomasz Gromala
0%
Tomasz Gucwa
0%
Tomasz Guźdź
0%
Tomasz Hartliński
0%
Tomasz Ignaczak
0%
Tomasz Jankowiak
0%
Tomasz Jelito
0%
Tomasz Jóźwiak
0%
Tomasz Kacper Kozłowski
0%
Tomasz Kawczyński
0%
Tomasz Klimczak
0%
Tomasz Kołakowski
0%
Tomasz Korfanty
0%
Tomasz Korzeniewski
0%
Tomasz Koweła
0%
Tomasz Krajewski
0%
Tomasz Kubiś
0%
Tomasz Kucharski
0%
Tomasz Lis
0%
Tomasz Maroń
0%
Tomasz Milewski
0%
Tomasz Mleczek
0%
Tomasz Mol
0%
Tomasz Niezgoda
0%
Tomasz Nowosielski
0%
Tomasz Ochocki
0%
Tomasz Pawliński
0%
Tomasz Piotrowski
0%
Tomasz Płachecki
0%
Tomasz Przyczyna
0%
Tomasz Rogalski
0%
Tomasz Rosiak
0%
Tomasz Rutkowski
0%
Tomasz Ryling
0%
Tomasz Semeniuk
0%
Tomasz Seweryn
0%
Tomasz Sienkiewicz
0%
Tomasz Sitarz
0%
Tomasz Skowronek
0%
Tomasz Sowa
0%
Tomasz Stasiński
0%
Tomasz Stasiuk
0%
Tomasz Stawicki
0%
Tomasz Stefańczyk
0%
Tomasz Święcki
0%
Tomasz Szafarczyk
0%
Tomasz Szczotka
0%
Tomasz Tokarski
0%
Tomasz Tomkowicz
0%
Tomasz Tymczuk
0%
Tomasz Wawer
0%
Tomasz Wąż
0%
Tomasz Wdowski
0%
Tomasz Witek
0%
Tomasz Wysocki-Chorąży
0%
Tomasz Zaleski
0%
Tomasz Zasępa
0%
Tomasz Zawistowski
0%
Tomasz Żemojdzin
0%
Tomasz Zwolski
0%
Tomasz Żymuła
0%
Tomek Gamlij
0%
Tomek Kozłowski
0%
Tomek Kucz
0%
Tomek Sołomiewicz
0%
Tomek Szczepaniak
0%
Tomek Wdowik
0%
Tosia Twarowska
0%
Tristan Basandowski
0%
Tyberiusz Wandoch
0%
Tymek Giza
0%
Tymek Sokołowski
0%
Tymon Adaszkiewicz
0%
Tymon Choroszucha
0%
Tymon Drop
0%
Tymon Filar Notecki
0%
Tymon Fronc
0%
Tymon Jutrowski
0%
Tymon Kołcz
0%
Tymon Majchrzak
0%
Tymon Malec
0%
Tymon Piwowarski
0%
Tymon Pobłocki
0%
Tymon Protasiewicz
0%
Tymon Rudnicki
0%
Tymon Wojciechowski
0%
Tymon Wolak
0%
Tymon Zasępa
0%
Tymon Żmudzki
0%
Tymoteusz Barański
0%
Tymoteusz Będziński
0%
Tymoteusz Cieślik
0%
Tymoteusz Dziełak
0%
Tymoteusz Funka
0%
Tymoteusz Grzegorzek
0%
Tymoteusz Jagiełło
0%
Tymoteusz Jagodzik
0%
Tymoteusz Kalata
0%
Tymoteusz Kornas
0%
Tymoteusz Kosman
0%
Tymoteusz Krasniewski
0%
Tymoteusz Król
0%
Tymoteusz Lenik
0%
Tymoteusz Leśniewski
0%
Tymoteusz Michalak
0%
Tymoteusz Olczak
0%
Tymoteusz Osmałek
0%
Tymoteusz Piliszko
0%
Tymoteusz Powroźnik
0%
Tymoteusz Rączkiewicz
0%
Tymoteusz Relewicz-Jankowski
0%
Tymoteusz Sternicki
0%
Tymoteusz Tymiński
0%
Tymoteusz Woliński
0%
Tymoteusz Zmudzki Piskorska
0%
Tymur Kurylenko
0%
Tytus Górny
0%
Urszula Giedrojć-Brzana
0%
Vanessa Tyszkiewicz
0%
Victor Celarek
0%
Victor Plencler
0%
Viktor Koszucki
0%
Viktor Pawleta
0%
Vincent Kmin
0%
Weronika Baran
0%
Weronika Cudzich
0%
Weronika Fonfara
0%
Weronika Kozłowska
0%
Weronika Kupracz
0%
Weronika Nąckiewicz
0%
Wiktor Augustyn Citko
0%
Wiktor Bar
0%
Wiktor Brodzicki
0%
Wiktor Buczkowski
0%
Wiktor Chełek
0%
Wiktor Cyran
0%
Wiktor Czubkowski
0%
Wiktor Dżbik
0%
Wiktor Gawlik
0%
Wiktor Głuszczak
0%
Wiktor Haponiuk
0%
Wiktor Harasimiuk
0%
Wiktoria Gąsior
0%
Wiktoria Groen
0%
Wiktoria Gronowicz
0%
Wiktoria Hołderna
0%
Wiktoria Kordylewska
0%
Wiktoria Kulesz
0%
Wiktoria Lewandowska
0%
Wiktoria Marczyk
0%
Wiktoria Orłowska
0%
Wiktoria Skowron
0%
Wiktoria Wołowicz
0%
Wiktor Jabłonski
0%
Wiktor Jarczyk
0%
Wiktor Kaczorowski
0%
Wiktor Karakuła
0%
Wiktor Kawa
0%
Wiktor Konkol
0%
Wiktor Koprowski
0%
Wiktor Kordala
0%
Wiktor Kujawski
0%
Wiktor Kurowski
0%
Wiktor Kuzaj
0%
Wiktor Łoskot
0%
Wiktor Lutowski
0%
Wiktor Maciejewski
0%
Wiktor Masternak
0%
Wiktor Meissner
0%
Wiktor Mendzelewski
0%
Wiktor Miściur
0%
Wiktor Muraszko
0%
Wiktor Nowakowski
0%
Wiktor Owsiany
0%
Wiktor Pacholczyk
0%
Wiktor Pakosz
0%
Wiktor Pandey
0%
Wiktor Pasternak
0%
Wiktor Pszczoła
0%
Wiktor Ratajkowski
0%
Wiktor Słaboń
0%
Wiktor Smaga
0%
Wiktor Sobala
0%
Wiktor Stasikowski
0%
Wiktor Świstowski
0%
Wiktor Syrytczyk
0%
Wiktor Szafar
0%
Wiktor Szpineter
0%
Wiktor Sztupecki
0%
Wiktor Wróbel
0%
Wiktor Wykpisz
0%
Wiktor Zarzyka
0%
Wiktor Zientek
0%
Wincenty Mikucewicz
0%
Witold Bogacz
0%
Witold Brzeziński
0%
Witold Czubak
0%
Witold Gidlecki
0%
Witold Grzesiak
0%
Witold Kanafa
0%
Witold Kozak
0%
Witold Łotoczko
0%
Witold Michalski
0%
Witold Molak
0%
Witold Perkowski
0%
Witold Skoczyński
0%
Witold Szczucki
0%
Witold Ujazdowski
0%
Witold Zyga
0%
Władysław Gertruda
0%
Wojciech Bauer
0%
Wojciech Bieniecki
0%
Wojciech Boguszewski
0%
Wojciech Bryś
0%
Wojciech Burda
0%
Wojciech Butryn
0%
Wojciech Chmiel
0%
Wojciech Czajka
0%
Wojciech Czekirda
0%
Wojciech Czyżewski
0%
Wojciech Drzewicki
0%
Wojciech Działowski
0%
Wojciech Gacek
0%
Wojciech Gaik
0%
Wojciech Głowacki
0%
Wojciech Gonet
0%
Wojciech Górecki
0%
Wojciech Gosztyła
0%
Wojciech Hajduk
0%
Wojciech Inglot
0%
Wojciech Jendrzejczak
0%
Wojciech Jurga
0%
Wojciech Kalisz
0%
Wojciech Karnasiewicz
0%
Wojciech Kaźmierczak
0%
Wojciech Kędracki
0%
Wojciech Klag
0%
Wojciech Kołaczyk
0%
Wojciech Korga
0%
Wojciech Kotulski
0%
Wojciech Kowalski
0%
Wojciech Kozłowski
0%
Wojciech Kubaszewski
0%
Wojciech Kulczyński
0%
Wojciech Kuszyński
0%
Wojciech Kwasiborski
0%
Wojciech Liszka
0%
Wojciech Łukasik
0%
Wojciech Łukaszuk
0%
Wojciech Maciszewski
0%
Wojciech Majkusiak
0%
Wojciech Makowski
0%
Wojciech Marchewa
0%
Wojciech Mazur
0%
Wojciech Mazurek
0%
Wojciech Misztela
0%
Wojciech Musiał
0%
Wojciech Ochendalski
0%
Wojciech Osuch
0%
Wojciech Pacek
0%
Wojciech Paluch
0%
Wojciech Papliński
0%
Wojciech Patrowicz
0%
Wojciech Pelc
0%
Wojciech Pilarski
0%
Wojciech Piszczek
0%
Wojciech Pniak
0%
Wojciech Podolec
0%
Wojciech Poljanowski
0%
Wojciech Potrymajło
0%
Wojciech Purman
0%
Wojciech Robaczyk
0%
Wojciech Ryba
0%
Wojciech Rynkiewicz
0%
Wojciech Rzeszutek
0%
Wojciech Sekulski
0%
Wojciech Słoniowski
0%
Wojciech Sołyga
0%
Wojciech Spisak
0%
Wojciech Superson
0%
Wojciech Syrnicki
0%
Wojciech Szymański
0%
Wojciech Tanaś
0%
Wojciech Tarnawski
0%
Wojciech Tomaszewski
0%
Wojciech Truskolawski
0%
Wojciech Tułacz
0%
Wojciech Tyła
0%
Wojciech Wabno
0%
Wojciech Walczyński
0%
Wojciech Wdowski
0%
Wojciech Wierzbicki
0%
Wojciech Wójcik
0%
Wojciech Zabokrzycki
0%
Wojciech Zagdan
0%
Wojciech Zawada
0%
Wojciech Zych
0%
Wojtek Baranowski
0%
Wojtek Brudniewicz
0%
Wojtek Odczyk
0%
Wojtek Parchatko
0%
Wojtek Tomczak
0%
Wojtek Zuń
0%
Xavier Nelson
0%
Xawery Feliks Kłopotowski
0%
Zachar Masliy
0%
Zahar Kusyi
0%
Zbigniew Delikowski
0%
Zbigniew Dziuba
0%
Zbigniew Kwiecień
0%
Zbigniew Mróz
0%
Zbigniew Węgrzyn
0%
Ziemowit Gajda
0%
Zofia Gołaska
0%
Zofia Gronowska
0%
Zofia Jabłonowska
0%
Zofia Janda
0%
Zofia Janiak
0%
Zofia Kozak
0%
Zofia Kuźniak
0%
Zofia Lemiech
0%
Zofia Michalska
0%
Zofia Skowrońska
0%
Zuzanna Chociej
0%
Zuzanna Hora
0%
Zuzanna Jezierska
0%
Zuzanna Krzan
0%
Zuzanna Kupidura
0%
Zuzanna Markowska
0%
Zuzanna Miazek
0%
Zuzanna Pietrzela
0%
Zuzanna Radziszewska
0%
Zuzanna Sączek
0%
Zuzanna Stepnowska
0%
Zuzanna Zimakowska
0%
Zygmunt Baranowski
0%
Zygmunt Szefel
0%
Nie znaleziono quizów pasujących do podanych kryteriów
Rozkład punktacji
Procent ludzi z każdym wynikiem
Percentyl według liczby udzielonych odpowiedzi
Twoja historia wyników
Nie rozwiązałeś tego quizu